Every Simpsons Character A-Z - Statistics

General Stats
  • This quiz has been taken 653 times
    384 since last reset
  • The average score is 210 of 1847
Answer Stats
Hint Answer % Correct
Actor who played Bart Simpson in "Bart's Not Dead" Actor Playing Bart
87%
Mischievous Eldest Child of the Simpson Family Bart Simpson
87%
Patriarch of the Simpsons; Father of Homer Simpson Abraham Simpson
85%
Actor who played Homer Simpson in "Bart's Not Dead" Actor Playing Homer
83%
Father of the Simpson Family; Overweight & lazy Homer Simpson
82%
Happy Homemaker & full-time Mom of the Simpsons Marge Simpson
81%
Smart & Moral Middle Child of the Simpson Family Lisa Simpson
79%
Youngest Child of the Simpson Family w/ a pacifier Maggie Simpson
78%
Homer Simpson's former Personal Assistant; Fired Karl
68%
Proprietor & Bartender of Moe's Tavern; Cheap & Sad Moe Szyslak
68%
Billionaire Owner of the Springfield Nuclear Power Plant Charles M. Burns
67%
Proprietor of the Kwik-E-Mart; Good friend of Homer S. Apu Nahasapeemapetilon
66%
Springfield Town Drunk; Spends most of time at Moe's Barney Gumble
66%
Best Friend of Lenny Leonard; Power Plant Employee Carl Carlson
66%
Adoptive Father of ABOVE; Lives in Iceland w/ his wife Carl Carlson, Sr.
66%
The Simpson's Religious & Kind next door Neighbor Ned Flanders
66%
Conductor for Krusty and the Krums, on the Krusty show Lenny
65%
Boy who lives in Shelbyville; Counterpart of BELOW Milhouse (Shelbyville)
65%
Bart Simpson's Best Friend; Often gets into trouble Milhouse Van Houten
65%
Best Friend of Carl Carlson; Power Plant Employee Lenny Leonard
64%
Uptight Principal of Springfield Elementary School Seymour Skinner
64%
Cynical & Burnt-out Host of The Krusty the Clown Show Krusty the Clown
63%
Self-proclaimed Genius; Archnemesis of Bart Simpson Sideshow Bob
63%
Jazz Musician; Watched musicians in The Jazz Hole Hi Hat Pat
62%
Television Assistant on Krusty, a daytime talk show Pat
62%
Chain-smoking Bouvier Twin; Blue Dress; Adopted child Selma Bouvier
62%
Former 4th Grade Teacher of Bart Simpson; DEAD Edna Krabappel
61%
Main Bully at Springfield Elementary School; "Haw Haw" Nelson Muntz
61%
Street Performers; ___ & ___ the Street Magic Men Ben / Ken
58%
Capo of the Springfield Mafia; Many rackets going on Marion Anthony D’Amico
58%
Personal Assistant & Executive of Mr. Burns; Gay Waylon Smithers, Jr.
58%
Father of ABOVE; Former Assistant to Mr. Burns; DEAD Waylon Smithers, Sr.
58%
Farmer; Current owner of Sneed's Feed & Seed Al Sneed
56%
Chief of Police of the Springfield Police Department Clancy Wiggum
56%
Owner of Barney's Bowlarama; Barney Gumble's Uncle Al Gumble
55%
Executive at the Nuclear Power Plant; Friend of Mike Al Simmons
55%
Springfield's Most Prominent & Competent Doctor Dr. Julius Hibbert
55%
Producer for Dateline: Springfield, a doc. crime series Bob
54%
Former Congressman for Springfield's state; Orange hair Bob Arnold
54%
FICTIONAL; Employee for Mr. McGrew; Christmas Carol Bob Cratchett
54%
Former Square Dance Teacher at Springfield Elementary Bob Johnson
54%
Hobo Boxer; Fought Homer Simpson for a sandwich Boxcar Bob
54%
Owner of ____'s Roundup RVs & the Used Couch Lot Cowboy Bob
54%
Chain-smoking Bouvier Twin; Pink Dress; Lesbian Patty Bouvier
54%
Redneck Couple; Married at Shotgun Pete's; "Yup." Cletus / Aileen
53%
Stereotypical Redneck/Hillbilly; Farmer; Has many kids Cletus Spuckler
53%
Dumb & Awkward Oddball Son of Chief Wiggum Ralph Wiggum
53%
Oldest Son of Ned & Maude Flanders; Often prays Rod Flanders
53%
Krusty's Sidekick on The Krusty the Clown Show Sideshow Mel
53%
FICTIONAL; Fake Author of the Angelica Button books T.R. Francis
53%
Angry Scottish Groundskeeper of Springfield Elementary Groundskeeper Willie
52%
Employee at Duff Gardens; Supervises the Barrel Roll Jim
51%
Former Teacher; President of Kid First Industries Jim Hope
51%
Mahicanindia; Native American who talked to Homer Jim Proudfoot
51%
Journalist at the Associated Press; At NASA conference Jim Wallace
51%
Police Sergeant; Most intelligent & competent Officer Lou (Cop)
51%
Bail Bondsman & Owner of Bail Bonds; Hired Homer Lucky Jim
51%
Strict & Bitter Elderly Mother of Seymour Skinner Agnes Skinner
50%
Jazz Pianist; Photograph up at Jazzy Goodtime's Gooey Martin
50%
Academically brilliant teacher's pet; In Bart's class Martin Prince
50%
Drug Addict School Bus Driver for Springfield Elementary Otto Mann
50%
Family Dog of the Simpsons; Former Racing Dog Santa’s Little Helper
50%
Local Reverend of the First Church of Springfield Timothy Lovejoy, Jr.
50%
Blind Jazz Musician; Taught ABOVE musical skills;DEAD Blind Willie Witherspoon
49%
Gay Owner of Cockamamie’s, a collectibles shop John
49%
Wife of Ned Flanders; Mother of Rod & Todd; DEAD Maude Flanders
49%
Youngest Son of Ned & Maude Flanders; Cursed Todd Flanders
49%
Former Executive at BetterThanTV.com; Went bankrupt Todd Linux
49%
Jazz Clarinettist; Photograph up at Jazzy Goodtime's Willie Mimms
49%
Member of the Springfield Mafia; Replies "whatever" Willie Whatever
49%
Legal Owner of the Springfield Nuclear Power Plant Canary M. Burns
48%
Embittered Man who went w/ wife to counseling retreat John S.
48%
Native American Journalist for The Chippewa Bugle John Squawking Bear
48%
Professional Monster Truck Driver; Drove a blue truck John "The Skunk" Trumane
48%
Wife of Apu; Mother of the Octuplets; Friend of Marge Manjula Nahasapeemapetilon
48%
FICTIONAL; Krustyland Character at Krusty Fest Patty Meltin’ John
48%
Headmaster of the Springfield Preparatory School St. John Van Hookstratten
48%
Father of ABOVE; Visited La Maison Derrière Timothy Lovejoy, Sr.
48%
2nd Grade Teacher of Lisa Simpson; Bored w/ her job Elizabeth Hoover
47%
Leader of the Springfield Elementary bullies; Tall Jimbo Jones
47%
TV News Anchor; Hosts Channel 6 News & Smartline Kent Brockman
47%
First Cat of the Simpsons; Killed before Episode 1 Snowball I
47%
Second Cat of the Simpsons; Current Cat Snowball II
47%
Third Cat of the Simpsons; Non-canon; Drowned Snowball III
47%
Fourth Cat of the Simpsons; Non-canon; Fell out window Snowball IV "Coltrane"
47%
Fifth Cat of the Simpsons; Non-canon; S15:E9 Snowball V
47%
FICTIONAL; Blue Cartoon Mouse; Cruel Psychopath Itchy
46%
Mayor of Springfield; Slick, Opportunistic & a Womanizer Joe Quimby
46%
Eldest Mackleberry Twin; In Bart Simpson's class Sherri Mackleberry
46%
Overweight, geeky Proprietor of The Android's Dungeon Comic Book Guy
45%
Pilot for Air Springfield; Flew to New Orleans, LA Frank
45%
Owner of the Pretzel Wagon; DIED in a car accident Frank Ormand
45%
Child Star; Skyler Green was his opening act for show Frank Sinatra Jr. Jr. III
45%
Actor Horse owned by Buck McCoy; In 24 Movies Frank the Wonder Horse
45%
Youngest Mackleberry Twin; In Bart Simpson's class Terri Mackleberry
45%
Youngest Son of Kearney Zzywicz; Fought Maggie S. Kearney’s Other Son
44%
Ugliest & Toughest of the Springfield Elementary bullies Kearney Zzyzwicz
44%
Oldest Child of ABOVE (7); Sat in Santa's (Gil) lap Kearney Zzyzwicz, Jr.
44%
Father of Kearney Zzywicz; Has rude appearance Kearney Zzyzwicz, Sr.
44%
FICTIONAL; Black Cartoon Cat; Usually kind in nature Scratchy
44%
Parents of Tyler; Members of The Cool Moms Connie / Mike
43%
Mascot & Spokesman for the Duff Beer company Duffman
43%
Strict Superintendent of Springfield's School District Gary Chalmers
43%
Springfield's State's Governor; Won against Mr. Burns Mary Bailey
43%
Maître d' at The Singing Sirloin; Chased the Simpsons Mary Kay
43%
Internet Troll & Fat Member of the Troll Force Five Mary Sue
43%
Movie Producer for Heartmark Channel (Ellie Kemper) Mary Tannenbaum
43%
Spuckler Child; Ran away to New York; Bart had crush Mary WrestleMania Spuckler
43%
FICTIONAL; Wife of Scratchy; Reoccurring Itchy victim Mrs. Scratchy
43%
Teenaged; Trapped in a series of dead-end jobs Squeaky-voiced Teen
43%
Executive at NASA; Brought Homer & Barney to NASA Jack Stillwater
42%
Recruiters for the Movementarians; Recruited Homer Jane / Glen
42%
Film Star & Celebrity; Fell in love w/ Ned Flanders Sara Sloane
42%
One of the Springfield Elementary bullies; Weird haircut Dolph Shapiro
41%
Criminal imprisoned at Waterville for shooting Apu Jack Crowley
41%
Student at Springfield Elementary; Casablanca Play Jack Deforest
41%
President of Laramie Cigarettes; Pageant Spokesman Jack Larson
41%
Former School Teacher of Bart Simpson; Jail Guard Jack Lassen
41%
Elderly Worker at Nuclear Power Plant; Forced to retire Jack Marley
41%
FICTIONAL; Krustyland Character at Krusty Fest Jack Pickleson
41%
82-year-old Man; Fed ducks everyday for 17 Years Joe Banks
41%
Retired Baseball Player; Dropped an easy catch Joe LaBoot
41%
Security Guard at the Springfield Nuclear Power Plant Joe (Security)
41%
Shelbyville Resident; Moe Counterpart; ____'s Tavern Joe (Shelbyville)
41%
Comic Book Artist; Attended a Comic Book Convention "Jolly” Jack Tate
41%
Man who Mary Spuckler knows; Said no-one wants her Ol’ Joe Clabby
41%
Jazz Pianist; Leads ____ ___ & the Irregular Heartbeats Salty Joe
41%
Fisherman & Owner of The Rotting Pelican; Lumberjack Skipper Jack
41%
Official Mascot of the Springfield Nuclear Power Plant Smilin’ Joe Fission
41%
Mechanic & Owner of Surly ___'s Foundation Repair Surly Joe
41%
Owner of Greaser's Café; Host of a dance competition Wolfguy Jack
41%
Police Officer; Unintelligent & Often seen w/ Lou Eddie
40%
Seniors at the Retirement Castle; Jenny made "cookies" Major Preston / Donald / Sam
40%
Parents of Ross; Members of The Cool Moms Rachel / Andy
40%
Rich Austrian-accented, Musclebound Action Movie Star Rainier Wolfcastle
40%
Cheesy B-list Actor; Fell on Hard Times (Phil Hartman) Troy McClure
40%
Artists; Admired Homer Simpson's artwork at Moe's Cecil Hampstead-on-Cecil Cecil / Gunter / Kyoto
39%
Husband of Luann Van Houten & Father of Milhouse Kirk Van Houten
39%
Mother of Homer Simpson; Left Springfield; DEAD Mona Simpson
39%
Doctor Hibbert's recovering alcoholic Wife; Housewife Bernice Hibbert
38%
Quack Physician; Studied at dubious medical schools Dr. Nick Riviera
38%
Father of Nelson Muntz; Abandoned his family Eddie Muntz
38%
Springfield's Local Scientist; Extremely brilliant & nerdy Jonathan Frink
38%
Elderly Lead Singer of the _____ _____ Experience Larry Davis
38%
Wife of Kirk Van Houten & Mother of Milhouse Luann Van Houten
38%
Barfly always seen at Moe's Tavern, alongside Larry Sam
38%
New friend of Lisa Simpson; Plays clarinet & is smart Sam Monroe
38%
Sign Hanger; Told Homer "the curse of the little stores" Sam the Sign Hanger
38%
Friend & FBI Agent who works w/ Annie Crawford Sid
38%
Sleazy Salesman & Owner of ____ ___'s Payday Loans Sleazy Sam
38%
Disco Aficionado & Owner of Stu's Disco; 3rd Person Disco Stu
37%
Son of BELOW; Once crashed remote-controlled plane Jonathan Frink III
37%
Father of ABOVE; Didn't get along w/ his son; DEAD Jonathan Frink, Sr.
37%
Long-lost son of Mr. Burns; Former Power Plant Worker Larry Burns
37%
Barfly always seen at Moe's, alongside Sam; DEAD Larry Dalrymple
37%
Kids who attended Expressions, the performing art camp Aiesha / Sarah / Flynn
36%
Well-known DJs for KBBL; Often announce contests Bill / Marty
36%
Famous Jazz Musician; Idol of Lisa Simpson; DEAD Bleeding Gums Murphy
36%
Wife of Cletus Spuckler; Hillbilly, but secretly smart Brandine Spuckler
36%
Elderly Organ Player at the First Church of Springfield Helen Feesh
36%
Gossipy & Very Judgmental Wife of Reverend Lovejoy Helen Lovejoy
36%
Executive Producer of 'It Never Ends', a soap opera Helen Morehouse
36%
Bus Driver; Drove Bus 22A; Drove Lisa Simpson around Larry (Bus Driver)
36%
Forgets things; Attended the Institute; "Pissed-O Shorty" Larry Doogan
36%
Personal Injury Lawyer; Helped Bart sue comic book co. Larry H. Lawyer, Jr.
36%
Owner of the Springfield City Zoo; Wanted the Octuplets Larry Kidkill
36%
Assistant to Krusty the Clown; Helped him sign headshot Sarah
36%
Wife of Chief Wiggum; Secret jewel thief background Sarah Wiggum
36%
Italian Chef & Owner of Luigi's; Often rude to customers Luigi Risotto
35%
Wife of Jonathan Frink, Jr.; Also a scientist & a mother Mrs. Frink
35%
Mentally-ill Woman, always surrounded by many Cats Crazy Cat Lady
34%
Incompetent but Greedy Lawyer; Financially Unsound Lionel Hutz
34%
Christian Film Producers; Produced "Bart's Not Dead" Luke / Mark / Matthew
34%
Member of the First Church of Springfield's Choir Michael
34%
Son of Fat Tony; Poisoned rival gang for his father Michael D’Amico
34%
Gay Fashion Designer & TV Judge (Victor Garber) Michael de Graaf
34%
Irishman; Hails from Green Potato Pub at O'Hare Airport Michael Finn
34%
Disgruntled, Crazy Helicopter Pilot for Channel 6 News Arnie Pye
33%
Scientists at & Founders of Exploration Incorporated Barry / Paul
33%
Accountant for Krusty; Helped start his Clown College Bill
33%
Overweight, laconic Lunchlady of Springfield Elementary Dora
33%
Strange, Diminutive Concertina Player; Looks like Krusty Handsome Pete
33%
Matriarch & Widow of the Bouvier Family; Marge's Mom Jacqueline Bouvier
33%
Christian & Retirement Castle Volunteer; Bart's crush Jenny
33%
Student in Springfield Elementary; Friend of Richard Lewis Clark
33%
Owner of Nick's Bowling Shop (Other Side of Town) Nick (1)
33%
Owner of Nick's Bowling Shop (Springfield Mall) Nick (2)
33%
Realtor at Red Blazer Realty; Sold the Whitman's place Nick Callahan
33%
Drummer for Sungazer; Discovered Apu for lead singer Nick Delacourt
33%
FICTIONAL; Comic Book Superhero; Atomic Powers Radioactive Man
33%
Minister & Owner of Shotgun ____'s; Mafia Member Shotgun Pete
33%
Springfield's Recidivist Criminal; Always robbing Apu Snake Jailbird
33%
Daughter of Edwina & Abe Simpson; Acts like Homer Abbey Simpson
32%
Older Half-brother of Homer Simpson; Owns company Herbert Powell
32%
Springfield Isotopes newest attraction; Drinks paint Paint-Drinking Pete
32%
Undercover Cop for Springfield PD; Had cover blown Pete
32%
Ya Hoo! Cast Member; Wears green dress w/ polka-dots Cathy May
31%
Former Employee at the Springfield Kid Kennel; Quit Chloe
31%
Background Spuckler Child; (Twisted World of Marge) Chloe Spuckler
31%
Peabody Award winning reporter from Global Television Chloe Talbot
31%
Father of Freddy, a student at Springfield Elementary Mike
31%
Rude 5th Grade Teacher at Springfield Elementary Mike Benzie
31%
CEO of J-Cloud and Owner of Springfield Sports Arena Mike Jambowski
31%
Former Intern at the Power Plant; Owner of ____'s Slices Mike Wegman
31%
Popular "grown-up" Girl in Lisa Simpson's class Alex Whitney
30%
Old Woman; Lives near the Simpsons; Formerly Dead Alice Glick
30%
German Businessmen; Took over Nuclear Power Plant Fritz / Hans / Horst
30%
Unsuccessful and Unlucky Businessman; Many jobs Gil Gunderson
30%
Old Friend of Abraham Simpson & Old Jewish Man Jasper Beardsley
30%
Pet Collie owned by Kent Brockman; Red Bow-Tie Jessica (Dog)
30%
Psychopharmacologist & Lawyer for the Redfield family Jessica (Lawyer)
30%
Secretly Mischievous Daughter of Reverend Lovejoy Jessica Lovejoy
30%
Former P.E. Teacher at Springfield Elementary Ms. Barr
30%
Man contacted from Bigger Brother Agency for Bart Tom
30%
Gay Man who attended a party to look for a boyfriend Tom Collins
30%
Small Blading Child; Son of Mr. & Mrs. Gammill Tom Gammill
30%
Former Bartender and Owner of O'Flanagan's Pub Tom O’Flanagan
30%
Parents of Erik; Members of The Cool Moms Anita / Chris
29%
Jazz Tenor Saxophonist; Played at The Jazz Hole Birthmark Billy Jackson
29%
Daughter of Ted Flanders; Sister of Bonnie Flanders Connie Flanders
29%
Lisa Simpson's "fair-weather friend"; Likes to jumprope Janey Powell
29%
Springfield's Local Psychiatrist; Thought to have died Marvin Monroe
29%
Kids when Homer was young; In the No Homers Society Billy / Joey
28%
Non-Canon; Announcers for the Robot Rumble show Dave / Steve
28%
Had relationship & Abbey w/ Abe Simpson in England Edwina
28%
Maggie Simpson's baby Arch-nemesis; Has a unibrow Gerald Samson
28%
Canadian War Veteran; Friend of Abraham Simpson Johnny
28%
Member of the Springfield Mafia; Often seen w/ Legs Louie (Mafia)
28%
Tow Truck Driver; Offers Homer Simpson a Towboy job Louie (Tow Truck Driver)
28%
Teenager at the Lazy I Ranch; Lisa Simpson had crush Luke Stetson
28%
Mother of Nelson Muntz; Alcoholic, Stripper, & Neglectful Mrs. Muntz
28%
CEO of Tianjin Mining & Smelting & Donuts & Tarps Robert Chan
28%
Quimby Family Member; Stated COVID killed Eunice Robert F. Quimby Jr.
28%
Former "Accounts Man" at Power Plant (John Slattery) Robert Marlowe
28%
Father of Sideshow Bob; Injected Bob w/ fake death drug Robert Terwilliger, Sr.
28%
Brother of Apu; Father of Jamshed; Helps out in store Sanjay Nahasapeemapetilon
28%
Daughter of Gary Chalmers; Student at the High School Shauna Chalmers
28%
Couple; Husband tried cheating on wife w/ Marge S. Ben / Ramona
27%
Spanish Star of Channel Ocho; Dresses in bee costume Bumblebee Man
27%
Cousin of Seymour Skinner; Nephew of Agnes Skinner Cousin Peter
27%
Low-level Member of the Springfield Mafia; Indiscretion Frankie the Squealer
27%
Cousin of Groundskeeper Willie; Gravedigger Gravedigger Billy
27%
Student at Springfield High School; Friend of McBride Johnny Joe
27%
Founder of the Springfield Shopper in 1883; DEAD Johnny Newspaperseed
27%
Main Judge in Springfield; More lenient over the years Judge Roy Snyder
27%
Famous Singer; Former Lead Singer of Kovenant Rachel Jordan
27%
Timbersports Competitor; Partner of Carol Connor Rachel “The Pine” Cohen
27%
Mean Girl befriended by Lisa Simpson; Loves horses Addy
26%
FICTIONAL; Main Character in Angelica Button series Angelica Button
26%
Owner of Guidopolis Savings & Loan in Guidopolis Angelica (Guidopolis)
26%
Girl who went out w/ Milhouse while teaching Lisa Italian Angelica (Kid)
26%
Doorman at Moe's Tavern after modern renovation; Brief Cecil
26%
Younger Brother of Sideshow Bob; Springfield Dam Plot Cecil Terwilliger
26%
Toddler Son of Sideshow Bob & Francesca Terwilliger Gino Terwilliger
26%
2nd Grade Student; Cupcake stolen by Yellow Weasel Janey
26%
Won Teacher of the Year award, against Krabappel Julio Estudiante
26%
Gay Man; Former Roommate of Homer & Grady Little Julio Franco
26%
Grandmother of Milhouse Van Houten; Luann's Mom Nana Sophie Mussolini
26%
Little Kid who has Timmy Thomas disease in wheelchair Timmy Thomas
26%
Son of Verity Heathbar; Can play lute & speak Mandarin Ben Heathbar
25%
Gay Music Teacher of Springfield Elementary School Dewey Largo
25%
Professional Monster Truck Driver; Drove a green truck Don "Crusher" Woodard
25%
Springfield Socialite; Met Marge at Glen Country Club Elizabeth
25%
Non-Canon; Irish Priest & Exorcist; Got rid of Pazuzu Father Ben
25%
Bassist for Sungazer; Discovered Apu for lead singer Freddy Freeman
25%
Bear; Host of a TV Talk Show; Microphone on head Gentle Ben
25%
Evil Genius Philanthropist; Owner of Globex Corporation Hank Scorpio
25%
Wife of Barry Mackleberry; Mother of Sherri & Terri Jerri Mackleberry
25%
White & Black Bodyguards of George H. W. Bush Ray Johnson / Agent Heintz
25%
Student at Springfield Elementary; Friend of Lewis Clark Richard
25%
Student in Bart Simpson's class w/ two pigtails Sophie Jensen
25%
Daughter of Krusty the Clown & Erin; Plays the violin Sophie Krustofsky
25%
Overweight, Exchange Student from Bavaria, Germany Üter Zörker
25%
Pale, sickly Boy in Bart's class at Springfield Elementary Wendell Borton
25%
Original Winner of the Little Miss Springfield Pageant Amber Dempsey
24%
Daughter of Duffman; Owns Cannabis & Accessories Amber Duffman
24%
Homer Simpson's former Vegas Wife; DEAD Amber Simpson
24%
Prime Minister of Australia during Bart's visit (Fake) Andy
24%
Well-known Former Pupil & Prankster at Springfield El. Andy Hamilton
24%
Billionaire Inventor & Business Owner; Loves Marge Artie Ziff
24%
5th Grade Student & News Editor at S. Elementary Billy (5th Grade)
24%
Mascot of Ovenfresh; Tells Marge not to look at eyes Billy Bouillon Cube
24%
Child Actor; Worked with Troy McClure multiple times Billy (Child Actor)
24%
Son to the owner of Gasso; Not very smart Billy (Gasso)
24%
First-mate of The Rotting Pelican, under Skipper Jack Billy (Rotting Pelican)
24%
Personal Trainer of Krusty the Clown; Helped Nelson Billy (Trainer)
24%
Short Man & Masseur at Klub Krusty; Secret Spy Charlie (Klub Krusty)
24%
Orphan Boy briefly "adopted" by Bart Simpson Charlie (Orphan)
24%
Dangerous Emissions Supervisor of Sector 7G Charlie (Power Plant)
24%
Store Detective at Try-N-Save; Caught Bart Simpson Don Brodka
24%
Retired Safety Inspector of the Power Plant's Sector 7-G Don Brookner
24%
Elderly Mafia Boss; Rival family of Fat Tony D'Amico Don Castellaneta
24%
Television Sports Commentator at Ice-O-Topes game Don Jacques LaLonde
24%
Member of the Movementarians; Took the Simpsons Don (Movementarian)
24%
Worker at Power Plant; Thought he was Burns' disguise Don Phoneyman
24%
CEO of Whiz-Bang Toy Company; Offered Abe a job Don (Whiz-Bang)
24%
Therapist & Co-Owner of Masters & Johnson Institute Dr. William Masters
24%
Student; Son of Anita & Chris; Son of a "Cool Mom" Erik
24%
Owner of Farmer _____'s Bacon Factory; In TV Ad Farmer Billy
24%
Hotel Doorman; Opened the door for Drederick Tatum Freddy (Doorman)
24%
Spoiled Nephew of Mayor Quimby; Almost went to Jail Freddy Quimby
24%
Black Student at Springfield Elementary; Early Seasons Freddy (Student)
24%
1/3 Nerds; Met Homer Simpson at Springfield University Gary (Nerd)
24%
Paparazzi; His wife & children are ashamed of him Gary (Paparazzi)
24%
Waiter with the Servers of America Guild Gary (Waiter)
24%
Wife of Snake Jailbird; Police Officer, who breaks rules Gloria
24%
Mother of Martin Prince; Wife of Gareth Prince Gloria Prince
24%
Woman who went w/ husband to counseling retreat Gloria S.
24%
Network Executive on FOX; Dealt with Krusty; Fired Jeremy
24%
Son of Snake Jailbird; Steals things, just like his father Jeremy Jailbird
24%
Studio Executive at One-Week Wonder Films Marv
24%
Brother of Moe & Minnie Szyslak; Owns Mattress King Marv Szyslak
24%
Bounty Hunter hired by Lucky Jim; (Parody of Dog BH) Wolf the Bounty Hunter
24%
Ample-chested Vampire Woman; Local TV Personality Barbara “Booberella” Lelavinsky
23%
Worked as the Devil Mascot at In 'n' Out; Fired Barry (Devil Mascot)
23%
Husband of Grizzly Shawn; Amazing Place contestant Barry (Grizzly Shawn)
23%
Husband of Jerri Mackleberry; Father of Sherri & Terri Barry Mackleberry
23%
Hillbilly Comedian at the Hillbilly Talent Contest; Parody Barry the Satellite TV Guy
23%
Short-lived Girlfriend of Grampa; DIED of broken heart Beatrice Simmons
23%
Springfield's most prominent Lawyer; Has blue hair Blue-haired Lawyer
23%
Former Student at Springfield High in 1974; Class Clown Bobby Mindix
23%
Dean of Springfield University; Mellow, hip & easy-going Bobby Peterson
23%
Member of Krusty's No-Collar Comedy Tour Buttcrack Barry
23%
Marge's Mother Flippers "Husband" (Ricky Gervais) Charles Heathbar
23%
Nerd Member of the Superfriends; Wears red glasses Database
23%
Health Department Inspector; Old friend of Moe Szyslak Frankie
23%
Emmy Winner TV Clown; Rival Station of Krusty Hobo Hank
23%
Ice Cream Man; Homer was his best customer; DEAD Max
23%
Background Spuckler Child; (Twisted World of Marge) Max Spuckler
23%
Deaf Son of Bleeding Gums Murphy; Found by Lisa S. Monk Murphy
23%
Beatnik Father of ABOVE; Brought Ned to Dr. Foster Nedward Flanders, Sr.
23%
Girl Rebel Skateboarder; Liked by Bart Simpson Nikki McKenna
23%
Old Friend of Abraham Simpson & Jasper Beardsley Old Jewish Man
23%
FICTIONAL; Cartoon Dog who loves to surf; DEAD Poochie
23%
Roofer who befriended Homer Simpson (Ray Romano) Ray Magini
23%
Sanitation Commissioner for Springfield (Steve Martin) Ray Patterson
23%
Jazz Singer; Participated in Jazzy Goodtime's benefit Ray-Ray Takamura
23%
Owner of Twirl King, a company that makes Yo-Yos Ted Carpenter
23%
Director for Channel 6 & Aide to Sideshow Bob Ted (Director)
23%
Cousin of Ned Flanders; Father of Bonnie & Connie Ted Flanders
23%
Retired Former Supervisor of Sector 7G; Carl took over Ted (Former Supervisor)
23%
Student in Lisa's class; Smart as Lisa, and younger Allison Taylor
22%
Wife of Thayer Blackburn; Moved next to the Simpsons Anne Blackburn
22%
Sea-faring Resident of Springfield; Pipe & wooden leg Captain Horatio McCallister
22%
Army Brigadier General in Springfield; Ordered jetpack Clancy Wiggins
22%
Chiropractor, commonly recommended by Dr. Hibbert Dr. Steve
22%
Spotlight Operator for The Krusty the Clown Show Leo
22%
Creator & Operator of Truckasaurus; Very kind to Marge Leo G. Clark
22%
Springfield's Residential Business Link; Many Jobs Lindsey Naegle
22%
Relative of Ned Flanders from the United Kingdom; Male Lord Thistlewick Flanders
22%
Keyboardist for Sungazer; Discovered Apu as singer Peter D’Abbruzio
22%
Beer Checker at Duff Brewery; Met Homer & Barney Phil
22%
Sound Guy for Head Butt; Agreed w/ Homer Simpson Steve
22%
Dressed up as Groot on the plane to Comicalooza Steve Fishbein
22%
Eccentric and Reclusive CIO of Mapple Inc.; DEAD Steve Mobbs
22%
Korean Girl; Two of the three finalist for the Spellympics Sun Moon / Alex
22%
Student & secret leader of Limitless Frontier Horizons Truth-Anne
22%
Film Executive at Polystar Pictures, w/ Robyn Hannah William Milo
22%
Bowling Team consisting of Nerds; Bullied by FundBunch Beth / Harold / Scott
21%
Three-eyed Orange Fish; Mutated by the Power Plant Blinky
21%
Chain-smoking Husband of Jacqueline Bouvier; DEAD Clancy Bouvier
21%
Christian Missionaries; Sent to Microatia to build chapel Craig / Amy
21%
Comic Creator; Attended Comicalooza w/ 2 others David Z. Cohen
21%
Former Boxer of Springfield; Active Famous Celebrity Drederick Tatum
21%
Male Drag Queen; Reference to Fiona Apple Fiona Adams Apple
21%
Librarian at the Springfield Public Library & Elementary Martha
21%
Employee at the Springfield DMV; Wife of Stanley Martha Peterson
21%
Long-suffering Wife of Mayor Quimby; Cheated On often Martha Quimby
21%
FICTIONAL; Movie Action Hero; Played by Rainier Wolf. McBain
21%
Chain-smoking Trained Monkey of Krusty the Clown Mr. Teeny
21%
Duff's Vice President in charge of calendars and fake IDs Phil Angelides
21%
Voiceover Artist; Took Bart Simpson to Mike Pop's Studio Phil Muhlstock
21%
Background Spuckler Child; (Twisted World of Marge) Phil Spuckler
21%
Director of the Serenity Ranch, a max-security fat camp Tab Spangler
21%
Radio Show Host; Hosts 'Verbal Tea' on Public Radio Amy Levine-Gonzalez
20%
6th Graders at Elementary; Bossy Riot gang members Carmen / Erica / Piper
20%
Most Prominent Realtor in Springfield; #1 on West Side Cookie Kwan
20%
Lifeguard aboard the Royalty Valhalla; Led Spa Cult Dave
20%
Husband of Valerie Togasaki; Wrote own wedding vows Dave Rothman
20%
Blue-haired Journalist for the Springfield Shopper Dave Shutton
20%
Clown; Up on the wall of clowns at Mussel & Flanks Dungaree Dave
20%
Former Mental Patient; Thinks he is →(Michael Jackson) Leon Kompowsky
20%
Entrepuneur & Creator of the Malibu Stacy franchise Stacy Lovell
20%
Tattoo-toting Female Inmate; Very intense personality Tattoo Annie
20%
Journalist for the Minneapolis Star; At NASA conference Toby Hunter
20%
Founder of "Over-Feeders Anonymous"; DEAD at 23 Albert
19%
Attorney; Helped Bart's lawsuit against Krusty the Clown Albert Dershman
19%
Muslim Building Demolitionist; Husband of Mina Amid bin Laden
19%
Girlfriend of Squeaky-voiced Teen; Only wants money Beatrice
19%
Ya Hoo! Cast Member; Trademark of not wearing shirt Big Shirtless Ron
19%
Husband of Barry; Went on TV show, The Amazing Place Grizzly Shawn
19%
Brilliant Tactician; Owner of _____'s Military Antiques Herman Hermann
19%
Owner & Creator of Aerochair; Owns rights to Angry Dad Herman Millwood
19%
Baby; Friend of Maggie Simpson; Played at Sand Tropez Hudson
19%
Son of Sanjay; Nephew of Apu; Ran the Quick & Fresh Jamshed Nahasapeemapetilon
19%
Former Rapper & Songwriter for The Five Boyfriends Jazzy James
19%
Springfield Court Judge; Hosted TV Court program Judge Julie
19%
Intergalactic Regellian Invader from Rigel 7; CANON Kodos Johnson
19%
Adopted Daughter of Selma Bouvier; Very talented Ling Bouvier
19%
Co-owner of The Pan-Fried Dragon, w/ his wife Sheila Ling Chow
19%
Only Man on Hunks, a dating show, dating three women Ron
19%
Talent Agent from Uncreative Artists Agency; Signed Moe Ron Finkelsteinberg
19%
Agent & Friend of Krusty; Agent of Gabbo & Arnie Pye Ron Rabinowitz
19%
College-aged Cool Guy who stays at Simpson's home Roy
19%
Old Neighbor of the Simpsons; Mother of Laura Powers Ruth Powers
19%
News Anchor for Channel 6 News; Often Overshadowed Scott Christian
19%
Rich Boy; Looks exactly like Bart; Switched lives briefly Simon Woosterfield
19%
Son of Bruno Drundridge; Accepted $900 call by Bart Tobias Drundridge
19%
Native Residents of Microatia; Met by Homer Simpson Ak / Qtoktok / Lisa Jr.
18%
Son of Apu & Manjula; Octuplet; Overbite & shaggy hair Anoop Nahasapeemapetilon
18%
Children's Entertainer & Ventriloquist; Uses Gabbo Arthur Crandall
18%
Owner of the Fortune Megastore chain; Hip Billionaire Arthur Fortune
18%
Old Therapist; Dated Abe Simpson until dumping him Blythe
18%
Legendary Bully; Said to have wedgied a kid in half Chester
18%
TV Presenter/ Commentator for Kids Formula One Chester Arborday
18%
Unemployed Brother of Bernice Hibbert; Never Seen Chester Dupree
18%
Original creator of Itchy & the Father of Cartoon Violence Chester J. Lampwick
18%
Rancher & Employee at Lazy I Ranch; Old prospector Cookie
18%
Former Accountant for the Springfield Mafia; Bowler Dan Gillick
18%
Comic Creator; Attended Comicalooza w/ 2 others Daniel Kim
18%
Residents at the Retirement Castle; Often seen together Emil / Hester
18%
Employee at Stuff-N-Hug; Wanted to show Marge a film Eric
18%
Salesman at Plan Nine Comics; Sold Milhouse 1000 vol. Eric Reynolds
18%
FICTIONAL; Superhero & Sidekick of Radioactive Man Fallout Boy
18%
Pilot & Sky-writer for Hire; Hired by Apu for Manjula Fantastic Dan
18%
Italian Wife of Sideshow Bob & Mother of Gino Francesca Terwilliger
18%
Son of BELOW; Mechanic; Tried killing Homer Simpson Frank Grimes, Jr.
18%
Young Girl in Juvenile Prison; Escaped w/ Bart Simpson Gina Vendetti
18%
Daughter of Rainier Wolfcastle; Brief gf of Bart Simpson Greta Wolfcastle
18%
Secret Agent; Enemy of Hank Scorpio & Globex; DEAD James Bont
18%
Demolition Derby Driver; Went against Gene Dupree James “Psychiatric Disorder” Porter
18%
Child Actor & Assistant of Troy McClure; In education film Jimmy (Assistant)
18%
Golf Caddie; Personal caddie of Homer Simpson Jimmy (Caddie)
18%
Host of the show, The Late Late Late Show w/ ___ ___ Jimmy Jimmy
18%
Member of the Springfield Mafia; Kissed-up to Tightlips Jimmy Kissass
18%
New York City Carriage Driver; Gave Simpsons a ride Jimmy (NYC)
18%
Waiter at The Sip 'N' Spin Lounge; Skinner's old student Jimmy Pearson
18%
Small-time Crook; Arrested for illegal auto-dialing Jimmy the Scumbag
18%
Member of the Springfield Mafia; Thrown into car trunk Jimmy the Snitch
18%
Dance Instructor at Some of That Jazz w/ Sweet Sal Julia (Dance)
18%
Crazy Woman; Homer's manager while an Opera Singer Julia (Manager)
18%
Blonde Woman; Lives behind the Simpson's house Julia (Neighbor)
18%
Intergalactic Regellian Invader from Rigel 7; CANON Kang Johnson
18%
Security Guard at a museum; Painted one of the pics Kenny
18%
Daughter of Ruth Powers; Bart Simpson had crush Laura Powers
18%
Attractive, aspiring country western singer; Liked Homer Lurleen Lumpkin
18%
Three Executives for Laramie Cigarettes; ALL DEAD Mindy / J.P. / Emile
18%
Camp Director of Kamp Krusty; Does very little work Mr. Black
18%
Father of Jimbo Jones; Once beat up Homer Simpson Mr. Jones
18%
Three-time Soapbox Derby Champion that Bart idolizes Ronnie Beck
18%
Host of the podcasts, Interminable & Sunken Anchor Tabitha Shingle
18%
Provocative Professional Singer; Wife of Buck Mitchell Tabitha Vixx
18%
Student at Springfield High; School's quarterback Trevor McBride
18%
Spuckler Child; Conjoined Twin with Barrow Spuckler Wheel Spuckler
18%
Daughter of Ted Flanders; Sister of Connie Flanders Bonnie Flanders
17%
Advertisers for Powersauce, an energy bar; Hosted show Brad / Neil
17%
College Students; Took private lessons from Lugash Carrie / Tina
17%
Employees at the Springfield City Zoo; Hired Muscle Christopher / Terence
17%
Former Employees at Well + Good; Worked w/ Marge Desmond / Lauren
17%
Ex-boyfriend of BELOW; Briefly ran away with him Dewey
17%
Dog Psychologist; Helped the sad Santa's Little Helper Dr. Elaine Wolff
17%
University Student; Occasional babysitter for Simpsons Emily Beth
17%
Employee at the Candy Shoppe in Barnacle Bay Emily (Candy Shoppe)
17%
Mother of the "Cool Family"; Brief neighbor of Simpsons Emily (Cool Family)
17%
British Owner & Operator of ____ ____'s Canine College Emily Winthrop
17%
Performer / Entertainer; Performs w/ Ernst & Anastasia Gunter
17%
Background Spuckler Child; (Twisted World of Marge) Ian Spuckler
17%
Young Genius Boy; Attends Enriched Learning Center Ian (Student)
17%
Extremally Tall Man; Taught Nelson a lesson in Beetle Ian (Tall Man)
17%
Channel 6 Employee; Works directly for Kent Brockman Jerry (Channel 6)
17%
Dancer for Lady Gaga aboard the Lady Gaga Express Jerry (Dancer)
17%
Former Segment Producer for Lindsey Naegle; Fired Jerry (Producer)
17%
Radio Shock Jock; Hosts ___ __ & the Bathroom Bunch Jerry Rude
17%
Security Guard at the Springfield Nuclear Power Plant Jerry (Security Guard)
17%
Relative of Ned Flanders from Latin America; Male José Flanders
17%
Japanese Wife of Comic Book Guy; Manga Fan & Artist Kumiko Albertson
17%
Octopus saved by Lisa for "My Cephalopod Soulmate" Molly
17%
Father of Allison Taylor; Professor; Plays anagrams Mr. Taylor
17%
Infant Daughter of Mike & Maureen; Has boys name Patrick Ewing Wegman
17%
Erotic Baker & Owner of Au Naturel, an erotic bakery Patrick Farrelly
17%
Jewish Rabbi; Father of Krusty the Clown; DEAD Rabbi Hyman Krustofsky
17%
Bart Simpson's new 4th Grade Teacher; Lived in Ghana Rayshelle Peyton
17%
Waitress at Springfield Pub & Brewery Sandee
17%
Tortoise at the Springfield Zoo; Found by Homer S. Slow Leonard
17%
Dance Instructor at Some of That Jazz w/ Julia Sweet Sal
17%
Chef at a Cafe; Met Homer & kids while finding Marge Victor
17%
Music Teacher at Daws Butler Hall (J.K. Simmons) Victor Kleskow
17%
European Family; Met the Simpsons on a road trip Alberto / Sylvia / Ruthie
16%
Former Counselor & Current Student at Burns University Andre (Counselor)
16%
Tried dating Marge, after Homer's bypass surgery Andre (Triple Bypass)
16%
Owner & CEO of RedStar; Owned Worth-A-Try Burger Augustus Redfield
16%
Interns at the Nuclear Power Plant; Attended meeting Benjamin / Gretchen
16%
Spuckler Child; Wears a potato sack for clothes Birthday Spuckler
16%
Snobby Daughter of Kent & Stephanie Brockman Brittany Brockman
16%
Background Spuckler Child; (Twisted World of Marge) Brittany Spuckler
16%
Performer in Krusty's Kristmas on Ice; Candy Cane Candy Kevin
16%
Mother of Jimbo Jones; Once dated Kearney Zzyzwicz Carol Jones
16%
Military Family; Homer helped wife deliver in an elevator Chase / Gretchen / Homer, Jr.
16%
Chef at Fleet-A-Pita, a pita bread food truck franchise Christopher
16%
Performer / Entertainer; Performs w/ Gunter & Anastasia Ernst
16%
Son of Apu & Manjula; Octuplet; Overbite & short hair Gheet Nahasapeemapetilon
16%
Purported Historical Founder of Springfield; DEAD Jebediah Springfield
16%
Proctor for the Department of Standardized Testing Jennifer Clarkeson
16%
Member of the Springfield Mafia; Always had a problem Kenny the Problem
16%
Blind Student at Springfield Elementary; Friend of Nelson Kevin (Blind Kid)
16%
Catholic Student at St. Jerome's; Saw Homer cheating Kevin (Catholic Boy)
16%
Pedicab Driver; Ferried Moe & Princess Kemi around Kevin (Pedicab Driver)
16%
Contestant on the reality game show, Touch the Stove Kevin (Touch the Stove)
16%
Wife of Amid bin Laden & Mother of Bashir bin Laden Mina bin Laden
16%
Girl who fell in love w/ Milhouse; Sent to a bad school Samantha Stanky
16%
Sportscaster on Anger vs. Angry, alongside Watkins Skip Angry
16%
Channel 6 News Weather Lady; Wife of Kent Brockman Stephanie Brockman
16%
Background Spuckler Child; (Twisted World of Marge) Taylor Spuckler
16%
Owner of Lambuggini Dealership; Husband of Anne Thayer Blackburn
16%
Server at a Fancy Restaurant; Sliced meat very thin Tommy
16%
Waiter at Happy Sumo & Swanky Fish; Karate Sensei Akira Kurosawa
15%
Owner of St. Giles Orphanage; Wife of Sideshow Mel Barbara Belfry
15%
Wife of Sideshow Mel, but they are currently separated Barbara Van Horne
15%
1/3 Nerds; Met Homer Simpson at Springfield University Benjamin (Nerd)
15%
Blonde Student in Lisa Simpson's class; Has a lisp Chuck Berger
15%
Cameraman for Head Butt; Agreed w/ Homer Simpson Chuck (Cameraman)
15%
Regional Director of the IRS; Invited to Simpson's dinner Chuck Ellis
15%
Held a Mega-Savings Seminar; Marge Simpson went Chuck Garabedian
15%
Celebrity Look-alike of Rainier Wolfcastle; Works for him Chuck (Look-alike)
15%
Farmer and Former Owner of Sneed's Feed & Seed Chuck Tamzarian
15%
Coach for the Boston Americans; Doesn't smile Coach Bonderchuck
15%
Girlfriend of Otto Mann, during the very early seasons Crystal
15%
Couple; Took part in reality TV, Rollercoaster Romance Dina / Lucas
15%
Assistant Vice President of Finance at Polystar Pictures Edward Christian
15%
Actor who played Airshot; Visited Milhouse at a hospital Glen Tangier
15%
Caporegime of the Springfield Mafia; Right-hand Man Johnny Tightlips
15%
Background Spuckler Child; (Twisted World of Marge) Jordan Spuckler
15%
Pet Collie of Bart Simpson; Works on the Police Force Laddie
15%
Background Spuckler Child; (Twisted World of Marge) Lauren Spuckler
15%
Member of the Springfield Mafia; Often seen w/ Louie Legs
15%
American Gladiator & Stuntman; Briefly dated Luann Pyro
15%
Aunt of Jenny; Lives at the Springfield Retirement Castle Belle (Aunt)
14%
Entrepreneur and Proprietress of La Maison Derrière Belle (La Maison)
14%
Former Western Film Star; Recovering Alcoholic Buck McCoy
14%
Temporary Teacher for Bart's class; Army; Bart had crush Carol Berrera
14%
Timbersports Competitor; Partner of Rachel Cohen Carol “Oak” Connor
14%
Irish Student; Lisa's crush during 'The Simpsons Movie' Colin
14%
Jazz Musician; Performed a song with Count Buddy Etta Pryor
14%
Waitress at Brunchausen by Loxy; Scared of Homer Francine
14%
Orange-hair Bully that moved to Springfield Elementary Francine Rhenquist
14%
Former Mayor of Springfield; Has extremely Bad Luck Hans Moleman
14%
Student in Lisa Simpson's class; Sits behind Lisa S. Hubert Wong
14%
2nd Grade at Springfield Elementary; Lisa's library friend Isabel Gutierrez
14%
Bowling Instructor; Pursued an affair w/ Marge Simpson Jacques
14%
Member of the Springfield Mafia; Popular w/ Legs/Louie Joey
14%
Member of the Springfield Mafia; Can't "read" rooms Joey Can’t-Read-the-Room
14%
Hired Goon at the Springfield Nuclear Power Plant Joey Crusher
14%
Customer at Moe's Tavern; Friend of Homer & Barney Joey Jo-Jo Junior Shabadoo
14%
Comedian aboard the Royalty Valhalla; Depressed Joey Skazazone
14%
Member of the Springfield Mafia; Well-known Arsonist Joey the Arsonist
14%
Judge in Springfield; Grandfather of Nelson Muntz Judge Muntz
14%
Counselor at Quitters, an alcoholic rehab clinic Kyle
14%
Step-son of Duffman; Looks similar to Moe Szyslak Kyle Duffman
14%
5th Grade Student at Springfield Elementary; Rich Kyle LoBianco
14%
Fat Kid with dreams of competitive eating; Lisa liked him Luca$ Bortner
14%
Con Artist & Shyster; Sold the Monorail to Springfield Lyle Lanley
14%
Finalist for Reading Digest's essay competition Maria Dominguez
14%
Ex-wife of Rainier Wolfcastle; Photographed by Homer Maria Quimby
14%
Little Woman; Current Fiancée of Moe Szyslak Maya
14%
Danish Uncle of Milhouse Van Houten; Brother of Kirk Norbert Van Houten
14%
Homer Simpson's Pet Pig; Saved from Krusty Burger Plopper “Spider-Pig”
14%
Daughter of Apu & Manjula; Octuplet; Full head of hair Poonam Nahasapeemapetilon
14%
Daughter of Apu & Manjula; Octuplet; "Palmtree" Hair Pria Nahasapeemapetilon
14%
Exotic Dancer at Florence of Arabia; Wants to be actress Princess Kashmir
14%
Son of Apu & Manjula; Octuplet; Has curly hair Sandeep Nahasapeemapetilon
14%
Annette's Professor at Springfield Community College Steven
14%
Parking Officer in NYC; Gave Homer many tickets Steven Grabowski
14%
Spuckler Child; Wears one shoe & dirty brown overalls Whitney Spuckler
14%
Comic Creator; Attended Comicalooza w/ 2 others Zoe Burwell
14%
Background Spuckler Child; (Twisted World of Marge) Zoe Spuckler
14%
Commentator for ESBN; Constantly getting angry Anger Watkins
13%
Male Drag Queen; Reference to Barbra Steisand Barbra Streisman
13%
Very easy-going psychiatrist; Told people to be like Bart Brad Goodman
13%
Baseball Player for the Isotopes; Married to Tabitha Vixx Buck Mitchell
13%
Students at Waverly Hills; Their idol is Alaska Nebraska Caitlin / Katelyn / Kate Lynn
13%
Child Singer; Placed 2nd in Krusty's Li'l Starmaker Cameron
13%
Background Spuckler Child; (Twisted World of Marge) Cassidy Spuckler
13%
Background Spuckler Child; (Twisted World of Marge) Cody Spuckler
13%
TV Handyman & Actor; Hosts sitcom, Toolin' Around Doug “Chip” Vaccaro
13%
Spuckler Child; Wears an eyepatch and worn overalls Dubya Spuckler
13%
Background Spuckler Child; (Twisted World of Marge) Dylan Spuckler
13%
Plant Worker; Self-declared Enemy of Homer S.; DEAD Frank Grimes, Sr.
13%
Ned Flanders' former Vegas Wife; Ran from Rod & Todd Ginger Flanders
13%
Sister of Jacqueline Bouvier; Died of bowel obstruction Gladys Gurney
13%
TV Host of Rock Bottom, a tabloid news show; Cheater Godfrey Jones
13%
Background Spuckler Child; (Twisted World of Marge) Heather Spuckler
13%
Florist & Current Owner of ______'s Flowers; Glasses Howard, Jr.
13%
Owner of the Duff Stadium and the Springfield Isotopes Howard K. Duff VIII
13%
Father of ABOVE; Started ______'s Flowers; DEAD Howard, Sr.
13%
Blue-hair Barber & Owner of ____'s Unisex Barbershop Jake
13%
Jazz Tenor Saxophonist; Played at The Jazz Hole Jellyroll Jones
13%
Spuckler Child; Wears only one shoe; Plays the kazoo Jitney Spuckler
13%
Newspaper Editor for the Springfield Shopper (Parody) JJ Gruff
13%
Younger Son of Doctor Hibbert; Attends Springfield Prep JJ Hibbert
13%
Chimpanzee Researcher; Helped Simpsons in Tanzania Joan Bushwell
13%
Friend of Lisa Simpson; Created Equalia with Lisa Juliet Hobbes
13%
FICTIONAL; Golfer in ___ ______'s Putting Challenge Lee Carvallo
13%
Greyhound Breeder & Owner of the No Kill Kennel Les Moore
13%
Celebrity Fitness Trainer; Trained Homer (Seth Rogen) Lyle McCarthy
13%
Film Student at Springfield University; "Sacrificed" a goat Madison
13%
Wife of Brody; Mother of Nikki McKenna; Attorney Madison McKenna
13%
Girl who bullied Lisa Simpson because she was blonde Megan
13%
Billionaire Tech Mogul; Stole The Poetess, a painting Megan Matheson
13%
Engineer at the Nuclear Power Plant; Homer had crush Mindy Simmons
13%
Background Spuckler Child; (Twisted World of Marge) Morgan Spuckler
13%
Son of Apu & Manjula; Octuplet; Shaggy hair Nabendu Nahasapeemapetilon
13%
Background Spuckler Child; (Twisted World of Marge) Noah Spuckler
13%
Brown-haired Brother of Maisie & Hamish MacWeldon Owen MacWeldon
13%
Orphan Twins in Springfield; Gave money to Bart Patches / Poor Violet
13%
FICTIONAL; Member of The Fossil Fuel Four; Dinosaur Petroleus Rex
13%
Pony owned by Lisa Simpson; Lisa gave her away Princess
13%
U.S. Treasury Officer; Briefly replaced Chief Wiggum Rex Banner
13%
Attorney; Helped Bart's lawsuit against Krusty the Clown Ronald Chaporo
13%
Daughter of Apu & Manjula; Octuplet; "Paintbrush" Hair Sashi Nahasapeemapetilon
13%
Rogue African Elephant owned by Bart Simpson Stampy
13%
Teacher at Springfield Uni. & Former Love of Marge S. Steffan August
13%
Springfield Socialite; Met Marge at Glen Country Club Susan
13%
Rich, Selfish, Callous, but Gregarious Texan & Oilman The Rich Texan
13%
Recurring Character on the Krusty the Clown Show Tina Ballerina
13%
Baby Boy; Leader of a Riot after a Roofi concert Tyler (Baby)
13%
Son of Scotty Boom; Stole The Hive from Homer S. Tyler Boom
13%
Child who works for ChoreMonkey; Insulted Homer Tyler (ChoreMonkey)
13%
Student; Son of Connie & Mike; Son of a "Cool Mom" Tyler (Cool Moms)
13%
Daughter of Apu & Manjula; Octuplet; Short curly hair Uma Nahasapeemapetilon
13%
Former Inmate; Had face stolen by Sideshow Bob Walt Warren
13%
Police Officers; Ordered to stake out Doughnut Land Ward / Van Zuylen
13%
Female White Tiger; Performs with Gunter and Ernst Anastasia
12%
Scam Artist from Ohio; Ordered Bride for Moe Szyslak Anastasia Alekova
12%
Bipolar Special Agent w/ the FBI (Kristen Wiig) Annie Crawford
12%
Actress & Agent of Krusty the Clown (Joan Rivers) Annie Dubinsky
12%
American Ambassador of Australia; Tried to help Bart Averell Ward
12%
Members of Addy's Crew; Mean girls who love horses Bella-Ella / Sloan / Tessa Rose
12%
Sea Captain of The Relation Ship, a father-son help ship Captain Joseph Bowditch
12%
Exact Opposite of ABOVE; Surrounded by many Dogs Crazy Dog Man
12%
Spuckler Child; Lopsided ponytail; Named after a drug Crystal Meth Spuckler
12%
Wheelchair-bound Senior at the Retirement Castle Dorothy
12%
Manager of La Belle Frottage Casino, a casino on water Doug Blattner
12%
Cameraman who films in Springfield; Filmed many show Doug (Camaraman)
12%
Former Guidance Counselor at Springfield Elementary Doug (Guidance Counselor)
12%
1/3 Nerds; Met Homer Simpson at Springfield University Doug (Nerd)
12%
Background Spuckler Child; (Twisted World of Marge) Hunter Spuckler
12%
Spuckler Child; Named after "relations" between family Incest Spuckler
12%
Krusty's former Krusketeers, a group of singers Jesse / C.J. / Cubby
12%
Harsh & Sadistic Judge; Enjoys cruel punishments Judge Constance Harm
12%
Doberman Puppy owned by Waylon Smithers, Jr. Kate Spayed
12%
Professional Stunt Devil; Has broke every single bone Lance Murdock
12%
Advertising Mascot of Lard Lad Donuts; Big Statue Lard Lad
12%
Pro-Golfer Man who disguised himself as a woman Leslie Robin Swisher
12%
Potential Renters for the Simpson's family house Nat Gladness / Nancy Gladness
12%
Blue-hair CEO of Itchy & Scratchy Studios (Alex Rocco) Roger Meyers, Jr.
12%
Spuckler Child; Baby named after spelling bee word Rubella Scabies Spuckler
12%
Spuckler Child; Spends all day stabbing w/ wood shank Stabbed in Jail Spuckler
12%
Car Sales Manager at the Tissan Auto Dealership Stan (Tissan Auto Dealership)
12%
Internet Troll & Member of the Troll Force 5; Groot Stan (Troll Force 5)
12%
Background Spuckler Child; (Twisted World of Marge) Tiffany Spuckler
12%
Cousin of the Simpson Family; Married Dave Rothman Valerie Togasaki-Rothman
12%
Background Spuckler Child; (Twisted World of Marge) Wesley Spuckler
12%
Elderly Ladies Man at Retirement Castle; Stole Zelda Zack (Elderly)
12%
Host of Sneakers, a reality TV Show in Springfield Zack (Sneakers)
12%
Foreign Exchange Student from Albania; Communist Spy Adil Hoxha
11%
Dutch Cousin of Milhouse Van Houten; Bart had crush Annika Van Houten
11%
Ex-fiancé of Otto Mann; Employee at Der Krazy Kraut Becky
11%
Pianist; Played piano for Krusty's Li'l Starmaker contest Bernie
11%
Ya Hoo! Cast Member; Leaned against a barrel, smoking Butterball Jackson
11%
Background Spuckler Child; (Twisted World of Marge) Caitlin Spuckler
11%
Mascot for Capital City Capitals; Also a State Legislator Capital City Goofball
11%
Eccentric and Skeptical British Documentary Filmmaker Declan Desmond
11%
Orange-haired Hypnotherapist & Breast Cancer Survivor Dr. Wendy Sage
11%
Husband and Wife owners of the Tuckernuck Inn Ernest / Trudy
11%
Father of Martin Prince; Husband of Gloria; Stock Broker Gareth Prince
11%
FICTIONAL; Krustyland Character at Krusty Fest Grilly Cheese King
11%
Elderly Farmer; Appeared in the movie, Gas World Henry (Gas World)
11%
Yellow Canary; Owned by Lisa Simpson, then Frink Henry the Canary
11%
Interviewer for Miss Wickerbottom's (Simon Cowell) Henry (Wickerbottom's)
11%
Spuckler Child; Wears Mickey Mouse ears w/ bite taken International Harvester Spuckler
11%
Pet Iguana of Selma Bouvier; Originally Gladys Gurney's Jub-Jub
11%
Newly-married Scottish Wife of Groundskeeper Willie Maisie MacWeldon
11%
Member of Krusty's No-Collar Comedy Tour Merle Values
11%
Cousin of Cletus Spuckler; Construction Worker at Dam Merl Spuckler
11%
Member of the Filming Crew during Everyman movie Oscar
11%
Greedy Preacher at the Blessed Buy Megachurch Preacher Mac
11%
Background Spuckler Child; (Twisted World of Marge) Q-Bert Spuckler
11%
Businessman and an Antagonistic EPA Administrator Russ Cargill
11%
One of The Seven Duffs; Tipsy Mascot for Duff Beer Tipsy Duff
11%
TV Host of Josh.0., a comedy clip show (Parody) Toshua Josh
11%
Race Dog; Won race on Christmas at Springfield Downs Whirlwind
11%
Close-up Magician; Performed at Lenny's Birthday Abra Ca-Debra
10%
Spuckler Child; Conjoined Twin with Wheel Spuckler Barrow Spuckler
10%
Young Boy; Went to Itchy & Scratchy Land w/ mother Bort
10%
Father of Trevor McBride; Hosted Trevor's pool party Brian McBride
10%
President of the Springfield Junipers Golf Club; Weird Club President Bildorf
10%
Background Spuckler Child; (Twisted World of Marge) Dermott Spuckler
10%
Spuckler Child; Only purpose is to be designated driver Designated Dorothy Spuckler
10%
Spuckler Child; Worked at family's Mother Hubbard store Fontanelle Spuckler
10%
Demolition Derby Driver; Used Homer's car in derby Gene “No Helmet” Dupree
10%
Fat & Balding Member of the Superfriends; Likes radios Ham
10%
CIA Agent posing as a Bartender at a Hotel in Cuba Isabella
10%
Israeli Tour Guide; In charge of the Simpsons on trip Jakob
10%
Seasoned Voice Actress; Voices Itchy & Scratchy June Bellamy
10%
Background Spuckler Child; (Twisted World of Marge) Kendall Spuckler
10%
Purple-haired Executive Assistant to Krusty the Clown Lois Pennycandy
10%
Spuckler Child; Went to see Bart Simpson at Squidport Melvis Spuckler
10%
Owner of Hendrix; Lives just outside of Springfield Miss Viola
10%
Father of Sam Monroe & Husband of Cheryl Monroe Mr. Monroe
10%
Smart Kids at Springfield Elementary in secret smart club Myles / Toby
10%
Student at Springfield Elementary w/ blonde pigtails Nina Skalka
10%
Young Nurse at the Springfield Retirement Castle Olive
10%
Famous Child Singer, Actor & Producer; Owns Slipreme Orion Hughes
10%
Spuckler Child; Worked at family's Mother Hubbard store Oxycontin Spuckler
10%
Octoparrot created at Screaming Monkey Medical Center Polly
10%
Sarcastic Man w/ many jobs; Handyman, Taxi Driver, etc. Raphael
10%
Trucker; Met Homer at The Slaughterhouse; DEAD Red Barclay
10%
Female Professional Wrestler; Married to Dr. Bonebreak Rumbleina
10%
Husband of Tammy, leader of the Cheery Red Tomatoes Stanley
10%
Security Guard at Springfield DMV; Husband of Martha Stanley Peterson
10%
German Owner of Hotenhoffer Pharmaceuticals Walter Hotenhoffer
10%
Pet Pigeon of Drederick Tatum; Helped by Dr. Budgie Walter Pigeon
10%
Television Sports Commentator at Ice-O-Topes game Wayne Buckhorn
10%
Ex-CIA Agent & Springfield Nuclear Power Plant Guard Wayne Slater
10%
Former Girlfriend of Grampa & Retirement Castle senior Zelda
10%
Spuckler Child; Worked at family's Mother Hubbard store Addem-up Spuckler
9%
Democrat News Reporter; Co-Host of 'Head Butt' Adriatica Vel Johnson
9%
Cadets at Rommelwood Military School; Hate Simpsons Anderson / Larsen / Platt / Franklin
9%
Former Owner of the Springfield Isotopes Antoine Tex O’Hara
9%
Owner of Shelbyville Nuclear Power Plant; Burns' Rival Aristotle Amadopolis
9%
Cashier at Springfield Grocery Store; Friendly w/ Selma Arnold
9%
Blonde friend of Lisa Simpson; In Lisa's class Becky Shorter
9%
Jazz Musician; Performed a song with Etta Pryor Count Buddy
9%
Mother of Hudson; Didn't get along w/ Marge Simpson Courtney
9%
Son of Rainier Wolfcastle; Kid enrolled in Clowning Arts Dieter Wolfcastle
9%
Therapist & Co-Owner of Masters & Johnson Institute Dr. Virginia Johnson
9%
Spuckler Child; Still attached by an umbilical cord Embry Joe Spuckler
9%
Roman Catholic Priest at St. Jerome's Catholic School Father Sean
9%
Spuckler Child; Went on The Relation Ship w/ Cletus Gitmo Spuckler
9%
Farm Supply Critic for the Springfield Shopper; Farmer Jamie Killday
9%
FICTIONAL; Cosmic Wars Character; (Obi-Wan Parody) Jason
9%
Television Sports Commentator at Ice-O-Topes game Jean-Pierre Petomane
9%
Cycling Instructor for Pedalon; Marge's Instructor Jesse
9%
Teenage Vegan Environmentalist; Leads Dirt First Jesse Grass
9%
Background Spuckler Child; (Twisted World of Marge) Kyra Spuckler
9%
Demolition Derby Driver; Went against Gene Dupree "Meth" MacFarland
9%
Spuckler Child; Worked at family's Mother Hubbard store Minimum Wade Spuckler
9%
Cat Burglar & Resident of Springfield Retirement Castle Molloy
9%
Employee & Co-owner of Mom & Pop Hardware Mom
9%
Male Physical Education Teacher at Sp. Elementary Mr. Johnson
9%
Spuckler Child; Worked at family's Mother Hubbard store Pediculus Spuckler
9%
Film Executive at Polystar Pictures, w/ William Milo Robyn Hannah
9%
Poor Orphan Boy from Brazil; Simpsons went to find him Ronaldo
9%
Mother of Mayor Quimby & Matriarch of the Quimbys Rose Quimby
9%
Student; Son of Rachel & Andy; Son of a "Cool Mom" Ross (Cool Moms)
9%
Billionaire CEO of Flashmouth; Old friend of Homer S. Ross (Flashmouth)
9%
Background Spuckler Child; (Twisted World of Marge) Scout Spuckler
9%
Hippies; Co-Owners of Groovy Grove Juice Corporation Seth / Muchie
9%
Spuckler Child; Long, straight piece of hair sticking out Straight-Edge Spuckler
9%
Former Neighbor of the Simpsons; Wife of Mr. Winfield Sylvia Winfield
9%
Video Game Expert & Walkthrough Gamer; 19-years old The Detonator
9%
Owner of The Institute, a social media reputation center Theo
9%
Ex-wife of Charles Heathbar; Mother Flippers contestant Verity Heathbar
9%
Potential Mascot for Duff Beer; Open-minded Mollusk Woketopus
9%
Greyhound Racing Dog; Always comes in second Always Comes in Second
8%
Intern at the Nuclear Power Plant; Used as muscle Angry Ricky
8%
Graduate Student & Feminist; Babysat Bart/Lisa/Maggie Ashley Grant
8%
Pet Dog of Sam, Moe's regular; Ran away from home Buddy
8%
Played Fallout Boy in the Radioactive Man TV show Buddy Hodges
8%
Adopted Son of Blythe; Homer Simpson hated this kid Calvin (Adopted Son)
8%
Young Genius Boy; Attends Enriched Learning Center Calvin (Bart the Genius)
8%
Tour Guide at Petrochem Petrochemical Corporation Claire Harper
8%
Girl from North Haverbrook; Almost married Bart S. Darcy
8%
Private Detective; Hired by Homer to find out about Lisa Dexter Colt
8%
Cousin of Cletus Spuckler; Overweight & a diabetic DiaBetty Spuckler
8%
Briefly dated Ned Flanders after Maude passed away Diane (Dated Ned)
8%
Network Executive at Krustylu Studios; Fired Jeremy Diane (Network Exec)
8%
Transfer Student to Springfield Elementary; Falconer Digby “Diggs”
8%
Gas Attendant & Owner of _____'s Discount Gas Donny (Discount Gas)
8%
Kid raised in Shelbyville Orphanage; Friend of Bart Donny (Shelbyville)
8%
Girlfriend of Patty Bouvier; Went on a few trips together Evelyn
8%
Springfield Socialite; Went to High School w/ Marge S. Evelyn Peters
8%
Art Teacher at Springfield Elementary; Very Supportive Evelyn Trunch
8%
Grandmother of Ned Flanders; Lived w/ Ned; DEAD Grandma Flanders
8%
Grandmother of Milhouse Van Houten; Divorced Grandma Van Houten
8%
Grandfather of Milhouse Van Houten; Travels in RV Grandpa Van Houten
8%
Male Masseuse at Rancho Relaxo; Marge got message Gregory
8%
Spuckler Daughter; Has large gums & 1 large tooth Gummy Sue Spuckler
8%
British Man; Looks like Homer, except for mustache Guy Incognito
8%
Spuckler Child; Fed Shame-u a fish head at Aquatraz Hors D’oeuvre Spuckler
8%
Springfield Socialite; Met Marge at Glen Country Club Karen
8%
Special Investigator from the Attorney General's office Lenora Carter
8%
1/25 Greyhound Puppies of Santa's Little Helper Little Monty
8%
Criminal Babysitter; Babysat Bart, Lisa and Maggie Lucille Botzcowski
8%
Boxing Manager of Drederick Tatum, & formerly Moe Lucius Sweet
8%
Romanian Gymnastics Instructor; Large-curled Mustache Lugash
8%
Chinese Adoption Center Worker; Helped Selma get Ling Madam Wu
8%
Brief Girlfriend of Lenny Leonard; Brought to a dance Mandy
8%
Jazz Musician; Played Bass w/ Defonzo "Skinny" Palmer Marcus “Marbles” Le Marquez
8%
Mother of Cletus Spuckler; Visited Itchy & Scratchy Land Maw Spuckler
8%
FICTIONAL; Love Interest of BELOW; Played by Clara McBabe
8%
Former Principal & Teacher at Springfield Elementary Melanie Upfoot
8%
Sister of Moe & Marv Szyslak; Co-Owns Mattress King Minnie Szyslak
8%
Beauty Pageant Winner; Secret lover of Mayor Quimby Miss Springfield
8%
Kind Mother of Lewis Clark; Wants another child Mrs. Clark
8%
Mother of Trevor McBride; Hosted Trevor's pool party Mrs. McBride
8%
Girl at Springfield Elementary; Wears pink-ish headband Nell Nicholson
8%
Spuckler Child; Infested w/ tick & has large-swollen head Normal Head Joe Spuckler
8%
Italian Go-Kart Racer & Student; Rival of Lisa Simpson Paolo Paoletti
8%
Poor Boy who became Homer Simpson's little brother Pepi
8%
Teacher & Owner of Miss ________'s Pre-Nursey School Philippa Wickerbottom
8%
Owner of Plop, a new age crystal stall in Shelbyville Mall Piper Paisley
8%
Princess of Nigeria; Fell in Love with Moe Szyslak Princess Kemi
8%
Television Personality & Singer; New to Krusty's show Princess Penelope
8%
Resident at Springfield Retirement Castle; W/ Lemuel Prudence
8%
Background Spuckler Child; (Twisted World of Marge) Sascha Spuckler
8%
Scientist hired by Lyle Lanley to build a monorail; DEAD? Sebastian Cobb
8%
Only Daughter of Augustus Redfield; Board of Directors Sheila Redfield
8%
Shelbyville Resident; Stole the Springfield Lemon Tree Shelby
8%
Son of the "Cool Family"; Rude & Snob (Patton Oswalt) T-Rex
8%
Spuckler Child; Deformed; Has an extra third leg Tripod Spuckler
8%
Pro-wrestler; Fought Rasputin the Friendly Russian Werner von Brawn
8%
Jewel Thieves; Former gang of Sarah Wiggum Bette / Erin
7%
Evil French Wine Maker; Forced Bart to work; Uncle César
7%
Black Child Singer; Placed 3rd in Krusty's Li'l Starmaker Clarissa Wellington
7%
Friend of Abe Simpson; From China; "Ping Pong" Craig
7%
Two Bouncers at M, Moe Szyslak's new "hip" bar Dagmar / Julien
7%
Host of Grand Nationals of Sand Castle Building Preview Dick
7%
Teacher at Springfield Elementary; Pun on male "parts" Dick Testiclees
7%
Russian Spy; Undercover psychical therapist & kitesurfer Dimitri Nigelovonovitch
7%
One of The Seven Duffs; Dizzy Mascot for Duff Beer Dizzy Duff
7%
Member of the Rolling 80; Gave ride to Homer & Marge DJ Kwanzaa
7%
Ex-soldier; Mother of Sophie Krustofsky w/ Krusty Erin
7%
Social Worker who helps families get along better Gabriel
7%
Hired by an award-winning athlete to carry his trophies Gordo
7%
Professional Hunter; Lives in the Springfield Forest Grant Connor
7%
Member of Australia's Parliament; Pig Farmer Gus (Australia)
7%
Blonde Kid; Only one who attended Lisa's B-Day Party Gus Huebner
7%
Security Guard at Polystar Pictures; Knows Mel Gibson Gus (Polystar Guard)
7%
Bartender at Springfield Sports Arena; Served Homer Gus (Springfield Sports Arena)
7%
Psychiatrist for Springfield Elementary's school district J. Loren Pryor
7%
Sunnyday Nursing Home Receptionist; Questioned Bart Judy
7%
Kid Singer; Participated in Krusty's Li'l Starmaker; Lost Katie Anderson
7%
Large, surly Assistant Superintendent of Gary Chalmers Leopold
7%
Treasure Hunter; Sent love letters to Mona Simpson Mason Fairbanks
7%
Corrupt Sherriff & Mafioso "owned" by Fat Tony Mickey No-Loose-Ends
7%
Slim & Trendy Owner of Coolsville Comics & Toys Milo
7%
Father of Lewis Clark; Went on The Relation Ship w/ son Mr. Clark
7%
Sunday School Teacher at First Church of Springfield Ms. Albright
7%
Springfield Socialite; Met Marge at Glen Country Club Patricia
7%
Gray Bulldog owned by Dewey Largo & Geoffrey Poochini
7%
Principal of Limitless Frontier Horizons; Not in-charge Principal Sandra
7%
Male Drag Queen; Helped Marge Simpson (RuPaul) Queen Chante
7%
Brief Nanny of the Simpsons; (Mary Poppins Parody) Shary Bobbins
7%
One of The Seven Duffs; Surly Mascot for Duff Beer Surly Duff
7%
VP of dev. for Mother Hubbard's Sandwich Cupboard Trudy Zangler
7%
Famous Child Pop Singer; Loved by Waverly Hills Alaska Nebraska
6%
Mascot for Shøp; Asks Bart Simpson for Tungsten Allen Wrench
6%
Foodie; Ate at Haile Ethiopian Food w/ Marge/Lisa/Bart Amuse Bruce
6%
Rich Kid in NYC; Cut in line at The Enlightened Scoop Blake Black
6%
Former Hostage Negotiator; ChoreMonkey Employee Blake (ChoreMonkey)
6%
Student at Springfield Elementary; Wore fake contacts Blake (Student)
6%
Physical Education Teacher at Springfield Elementary Brunella Pommelhorst
6%
Lawyer; Works for Mr. Burns; Helped in trapdoor lawsuit Caroline
6%
Robot built by Martin Prince; Martin's best friend C.H.U.M.
6%
Sadistic, old Gym Teacher at Springfield Elementary Coach Krupt
6%
Asian Member of the Superfriends; Likes trigonometry Cosine Tangent
6%
Jazz Musician; Played Trumpet w/ Marcus Le Marquez Defonzo “Skinny” Palmer
6%
Child Psychologist; Helped Bart Simpson at school Dr. Stacey Swanson
6%
Bank Robber; Held Marge hostage (Steve Buscemi) Dwight Diddlehopper
6%
Great Half-step Aunt of Marge, Patty & Selma Bouvier Eunice Bouvier
6%
Aunt of Mayor Joe Quimby; DEAD Eunice Quimby
6%
Boyfriend of Julio Franco; Roommate of Homer Simpson Grady Little
6%
Football Quarterback - Springfield Atoms (Beck Bennett) Grayson Mathers
6%
Hippie; Former wife & sideshow of Krusty the Clown Holly Hippie
6%
Elderly Judge in Conklin, MO; Mother of Fennimore Judge J.T. Winchester
6%
Mother of Sideshow Bob; Retired Shakespearean Actor Judith Underdunk
6%
Works in Personnel at the Nuclear Power Plant Kathy
6%
Artsy Counselor at Expressions & Sprubway Worker Kurt Hardwick
6%
Non-Canon; Mail Carrier at the Nuclear Power Plant Linda
6%
Pink-haired Clown; Met w/ Krusty, Scuzzo & Lisa S. Little Debbie Dimples
6%
Democrat Speaker of Springfield's State's Assembly Maxine Lombard
6%
Group of Bodyguards to Mayor Quimby; Not very good Mayor Quimby's Bodyguards
6%
Father of Moe Szyslak; Former Mattress Salesman Morty Szyslak
6%
Brief Substitute Teacher of Lisa Simpson that she liked Mr. Bergstrom
6%
Singer, alongside DJ Crazy Times (Chrissi Poland) Ms. Biljana Electronica
6%
Ya Hoo! Cast Members; Partners in a fence gag on show Orville / Hurley
6%
Father of Abe & Tyrone Simpson; Immigrant; DEAD Orville Simpson
6%
Gay Photographer for toy army figures & an Artist Philip Hefflin
6%
Homer Simpson's grumpy former assistant (Jane Lynch) Roz Davis
6%
Jazz Guitarist; Photograph up at Jazzy Goodtime's Sammy Biltmore
6%
Co-owner of The Pan-Fried Dragon, w/ her husband Ling Sheila Chow
6%
Former Patty-cake Child Star; Hollywood Nightmares Skyler Green
6%
Former Teacher at West Springfield; Stole many things Sticky-Fingers Stella
6%
Storyteller; Read 'Noisy Dinner' to a children's group Storytime Sue
6%
Snide & Condescending Chef at Ovenfresh Bakeoff Stuart
6%
Leader of the Cheery Red Tomatoes, a women's society Tammy
6%
Father of the "Cool Family"; Owner of Devil Donuts Terrence
6%
Brother of Abe Simpson; Visited by the Simpsons in Ohio Tyrone Simpson
6%
Former Actress & Girlfriend of Abe (Morgan Fairchild) Vivienne St. Charmaine
6%
Beloved Southern Lawyer; Against Lisa Simpson case Wallace Brady
6%
Famous Pop Singer; Fan army called 'Murmur Nation' Ashlee Starling
5%
4th Grade Teacher at Springfield Elementary; Red hair Audrey McConnell
5%
Muslim Student at Springfield Elementary; Son of Amid Bashir bin Laden
5%
First Cat owned by Crazy Cat Lady; Orange & Brown Buster
5%
Contestant on the 'Topiary Wars' competition game show Cathy
5%
Actress who played McBabe in the McBain movies Clara Hosenfrauen
5%
Sister of Luke Stetson; Lisa thought she was Luke's gf Clara Stetson
5%
War Veteran; Owner of Tire Fire Souvenirs at Tire Yard Clyde
5%
Air Force Colonel; Sideshow Bob stole nuke from him Colonel Leslie "Hap" Hapablap
5%
Lead Mr. Burn's campaign team; Almost wins the vote Dean Danielson
5%
Retail Clerks at Official Halloween Headquarters; Crazy Dickie / Lem
5%
FICTIONAL; Superhero created by Comic Book Guy Everyman
5%
Significant Other of Jimbo Jones (Lisa's Belly: S33 E5) Flor
5%
Spoiled Boy, around the same age as Bart Simpson Gavin
5%
Famous Rapper; Owner of the 'Golden Goose' brand Jay G
5%
Son of Marv, a studio executive at One-Week Wonder Jonah
5%
Media Agent of Troy McClure; Didn't speak for 8 years MacArthur Parker
5%
Owner & Chairman of Costington's & the Springfield Mall Mr. Costington
5%
Highly Eccentric Resident; Catchphrase: "Yee-e-e-es?" Mr. Pettigrew
5%
Security Consultant from England; Set up cameras Nigel Bakerbutcher
5%
Old Boarding School Friend of Charles M. Burns Nigel (Boarding School)
5%
Former Manager for The Be Sharps; Tattoo under hair Nigel (Manager)
5%
Loyal Head of the Stonecutters (Springfield Chapter) Number One
5%
Tour Guide at Mt. Swartzwelder Historic Cider Mill Randy
5%
Springfield Socialite; Met Marge at Glen Country Club Roberta
5%
Clown at Ding-A-Ling Bros; Right-hand Man at Circus Scuzzo
5%
Greyhound Racing Dog; Always comes in first She’s the Fastest
5%
Blue-haired Friend of Lisa Simpson & Janey Powell Tanya
5%
Retired British Spy for MI5 / Daughter of Retired Spy Terrance / Hazel
5%
Pro-wrestler; Fought Doctor Hillbilly in Death Match The Iron Yuppie
5%
Band of Babies; Participated in the "Hot Shot Tots" show The Pixie Chicks
5%
Unborn Baby; Participated in the "Hot Shot Tots" show The Unborn Comic
5%
2nd Grade Student at Springfield Elementary w necklace Valley Mercer
5%
Mechanic at Art's Auto Service, in North Townsburg Vince
5%
Demolition Derby Driver; Went against Gene Dupree Vince "Dead Tooth” McGee
5%
Nephew of Fat Tony; Attended Wet 'N' Wild Weekend Vincent “The Occurrence”
5%
Travel Agent; Took Homer & friends to the Super Bowl Wally Kogen
5%
Girl in Lisa Simpson's class; Wears a green beret Wanda
5%
Hipster Branding Expert for MyTube (John Mulaney) Warburton Parker
5%
Right-wing Conservative Talk Show Host on KBBL Birch Barlow
4%
Faith Healer; Hosts show 'Brother ____'s Revival' Brother Faith
4%
Old Pro-wrestler; Was going to team up w/ Half-Mast Captain Flag
4%
Biological Sister of Carl Carlson; Dated Lenny Leonard Carlotta Carlson
4%
Homeless; Befriended Bart Simpson after passing out Casey / Rory
4%
Teenage Wiccans; Practice Witchcraft in the Forest Cassandra / Esmeralda / Gwendolyn Nightshadow
4%
Daughter of the "Cool Family"; Infant still breastfeeding Corduroy
4%
Burns' oldest Hound; Replaced by Santa's Little Helper Crippler
4%
Girlfriend of Barney Gumble, during the early seasons Daria
4%
Employee at Club Lounge; Worked w/ Shauna Chalmers Derek
4%
Burger Mascot of Dimwillie's; Giant statue on restaurant Dimwillie
4%
Clown at Ding-A-Ling Bros; Wears a giant bell on him Ding-A-Ling
4%
Super-villain & Mad Scientist who lives in Springfield Doctor Colossus
4%
White Racehorse; Adopted by Bart Simpson + Family Duncan “Furious D”
4%
One of The Seven Duffs; Edgy Mascot for Duff Beer Edgy Duff
4%
Homer Simpson's former Assistant & Current Supervisor Eugene Fisk
4%
CEO of GimmeChow, food delivery (Jason Mantzoukas) Finn Bon Idée
4%
Principal of Springfield High School, back from 1974 Harlan Dondelinger
4%
Vice President of Tipsy McStagger's; Tried to buy recipe Harv Bannister
4%
Customer at Moe's Tavern; Received prank phone call Hugh Jass
4%
Owner of King ____'s Music Store; Rival of Moe Szyslak King Toot
4%
Purple-haired Clown; Employee at Mussel & Flanks Leaky Pants
4%
Stage Director; Directed Oh, Streetcar; Brother of Mrs.__ Llewellyn Sinclair
4%
Co-Anchor of Entertainment Tonight; Talked about Troy Lori
4%
Nuclear Engineer at Kevät Kenttä Nuclear Power Plant Lori Spivak
4%
Father of Tom Gammill; Nuclear Power Plant Employee Mr. Gammill
4%
Father of Janey Powell; Went to Bounce-A-Thon event Mr. Powell
4%
Mother of Tom Gammill & Wife of Mr. Gammill; Asian Mrs. Gammill
4%
Bald Mascot for a Japanese Dishwashing Detergent Mr. Sparkle
4%
Mother of Janey Powell; Went to Bounce-A-Thon event Mrs. Powell
4%
Mother of Hubert Wong; Attended Bounce-A-Thon Mrs. Wong
4%
Father of Hubert Wong; Attended Bounce-A-Thon Mr. Wong
4%
Senior Citizen; Played Cribbage against Abe Simpson Old Joel
4%
Daughter of The Rich Texan; Spoiled Famous Rich Girl Paris Texan
4%
Gray Parrot; Owned by Marge Simpson as a child Petey
4%
Father of Juliet Hobbes; Foremost John Grisham scholar Professor Hobbes
4%
Programmer & Coding Teacher at Springfield Elementary Quinn Hopper
4%
Small Person Rapper; Performed at Murder 4 Life Romeo Smoov
4%
Father of Lurleen Lumpkin; Dishonest & Untrustworthy Royce Boss Hogg Lumpkin
4%
Cornhole Player; Went against Griffith in Omaha Smokey Blandings
4%
Greek Owner of Spiro's; Hired Abe Simpson in the past Spiro Papadapaconstantikasgianopolopodopotopolis
4%
Mr. Burns' Guard Dogs; Often releases them to attack The Hounds
4%
Three Women dating Ron on Hunks, a dating show Uta / Shasta / Candi
4%
TV Host of "Me Wantee!", a cash prize heavy show Virgil Sinclair
4%
FICTIONAL; Superhero & Member of the Vindicators Airshot
3%
Current Wife of Fat Tony; Licensed Real Estate Broker Angela D’Amico
3%
Adult Film Stars; Shooting movie in the Simpsons house Angela Dare / Sultry Stevens
3%
Waiter at Luigi's & Sub-contractor for J&J Construction Angelo
3%
Bartender at The Confidential, a bar for bartenders Artemis
3%
School Comptroller for Springfield's state; Canadian Atkins
3%
Clown at Ding-A-Ling Bros; Baby of the Boobsy Family Baby Boobsy
3%
Tall, black Bouncer at Flaming Moe's; Also an Usher Bernard
3%
Car Salesman & Owner of _____' Car Loft; Hired Homer Boris
3%
Director & Opera Conductor; Directed Carmen Boris Csupovski
3%
Agent of Duffman & Woketopus; Wears green track suit Brandon
3%
Singer, Musician & former student; Met Lisa at STEM Brendan Beiderbecke
3%
Husband of Madison; Father of Nikki; Fed. Prosecutor Brody McKenna
3%
Substitute Music Teacher at Springfield Elementary Calliope Juniper
3%
Woman; Lives in a lighthouse near Sideshow Bob Cassandra Patterson
3%
Hedge Fund Traders & bowlers of the Fund Bunch Chang Stein / Reynolds
3%
Owner of ____ _____ Ballet Academy; Taught Lisa S. Chazz Busby
3%
Mother of Sam Monroe; Marine Biologist (Patti LuPone) Cheryl Monroe
3%
Gray-haired Journalist & Partner of Chloe Talbot Chet
3%
Lisa's Great Uncle; Runs unsuccessful shrimp company Chet Simpson
3%
Bolivian Tree Lizards; Found & taken care of by Bart Chirpy Boy / Bart Junior
3%
Pro Bidder on Storage Battles; Watched by Homer S. CJ
3%
Eldest Son of Augustus Redfield; Board of Directors Colby Redfield
3%
Cowardly Colonel; Lost Daytime Emmy to Sideshow Bob Colonel Coward
3%
Gay Cousin of BELOW; Has large horseshoe mustache Comic Book Gay
3%
Father & Son; Work the ring toss game at a carnival Cooder / Spud
3%
Taken to Retirement Home; Broke free & went on bender Cornelius Talmadge
3%
Krusty's Sergeant-at-arms; Deals with rowdy children Corporal Punishment
3%
Boy in Bart Simpson's class; Joined Army against Nelson Coward
3%
Female Bounty Hunter; Has a gun for a prosthetic leg Daisy McGunnan
3%
FICTIONAL; Blue Dog Superhero who lives in Michigan Danger Dog
3%
Mother of Mr. Burns; Had an affair w/ President Taft Daphne Burns
3%
Blonde Kid; Drawn by Bart Simpson in caricaturist style Darryl
3%
Cheerleader at Homer & Marge's old High School Debbie Pinson
3%
Nurse at Springfield General; Talked to Glen Tangier Debby
3%
Bellhop at the Best Western in Shelbyville; Ginger Dennis
3%
Sports Announcer; Announced Springfield Isotopes Dennis Conroy
3%
Blonde Student and Squash Player at Yale University Denny
3%
Ex-girlfriend of Lenny Leonard; Cheated on Lenny Doreen
3%
Childhood Psychologist of Ned Flanders; Helped later Dr. Foster
3%
Owns the Spirograph Factory; Spirographs↓Gang Activity Dr. S
3%
Auctioneer at Gavelby's Auction House; Sold "Poetess" Duncan (Gavelby’s)
3%
FICTIONAL; Character from Mr. ____'s Christmas Carol Ebenezer McGrew
3%
Former Assistant Reverend, later turned Reverend Elijah Hooper
3%
Red-haired Member of the Superfriends; Maybe moved E-Mail
3%
Gray-haired Taxi Driver in Glendon Falls; Drove Duffman Evan
3%
Undersecretary for International Protocol; Brats & Punks Evan Conover
3%
Sheriff in Conklin, MO; Son of Judge J.T. Winchester Fennimore
3%
Television Presenter; Host of Demented Dollars with ___ Fiscal Cliff
3%
Foodie; Ate at Haile Ethiopian Food w/ Marge/Lisa/Bart Fois Garth
3%
Movie Director; Hired to direct The Sands of Space; Quit Ford Brackford
3%
Employee at Barney's Bowlarama; Sold Lane Janes Franco
3%
CEO of Motherloving Sweets and Sugar Company Garth Motherloving
3%
TV Critic for the Springfield Shopper; Influenced Homer Garth Trelawny
3%
Corporate Recruiter who specializes in Nuclear Workers Gator McCall
3%
Artist & Cartoonist; Creator of the Danger Dog series Geoff Jenkins
3%
Current Boyfriend of Dewey Largo; Has dog, Poochini Geoffrey
3%
Pet Goldfish of Captain Horatio McCallister; Female Goldie
3%
Cornhole Player; Went against Smokey Blandings Griffith
3%
Irish Rival of BELOW; Temp. Janitor at Spr. Elementary Groundskeeper Seamus
3%
Red-haired Groundskeeper at Shelbyville Elementary Groundskeeper Wilma
3%
Midget Pro-wrestler; Was going to team up w/ Cpt. Flag Half-Mast
3%
Black-haired Brother of Maisie & Owen MacWeldon Hamish MacWeldon
3%
Rich Friend of Lisa Simpson; Child of Mike Jambowski Harper Jambowski
3%
Deaf Elder at the Springfield Retirement Castle Hazel
3%
Dog of Homer Simpson as a kid; Owned by Miss Viola Hendrix
3%
Hair Stylist at Hairy Shearers; Talked w/ Homer Simpson Henri
3%
Elderly Woman; Mother of Larry (from Moe's Tavern) Iris Dalrymple
3%
Cheerleaders for Duff Beer; Went to Moe's w/ Duffman Jeanette / Cheryl
3%
Councilman; Attended The Institute; "The Toilet Rocker" Jed Hawk
3%
Theatrical Director; Directed the musical, Stab-A-Lot Juliana Krellner
3%
Friends & Adult Film Stars for an internet website Katja / Vicki
3%
Mascot of Lard Lad Donuts & Original design of Lard Lad Laird Ladd
3%
Famous Broadway Performer; Took Lisa to Broadway Laney Fontaine
3%
Pet Dog of Martin Prince; Name Reference to Lao Tzu Lao-Tzu
3%
Fabled Scottish Creature; Doorman at Burns' Casino Loch Ness Monster
3%
Navy Recruiter; Founder of the Party Posse, a band L.T. Smash
3%
Waiter at the Gilded Truffle; Served Homer Simpson Marco
3%
Springfield Shopper Reporter; Faked Grampa's stories Marshall Goldman
3%
Wife of Mike Wegman & Mother of Patrick Ewing Maureen Wegman
3%
Donkey of César & Ugolín; Treated better than Bart S. Maurice the Donkey
3%
Environmental Lawyer & Pro Surfer Couple; Guardians Mav / Portia
3%
Youngest Son of Augustus Redfield; Board of Directors Mav Redfield
3%
Injury Lawyer; Helped Homer sue the Power Plant Maxwell Flinch
3%
Daughter of Calliope Juniper; Bart forced to date her Melody Juniper
3%
FICTIONAL; Supervillain in a Stradivarius Cain movie Ming the Merciless
3%
Homer Simpson's Helper Monkey; Becomes very obese Mojo the Helper Monkey
3%
Clown at Ding-A-Ling Bros; Father of Boobsy Family Mr. Boobsy
3%
Man who has a Leg for an Arm and an Arm for a Leg Mr. McGreg
3%
Clown at Ding-A-Ling Bros; Mother of Boobsy Family Mrs. Boobsy
3%
Mother of Juliet Hobbes & Wife of Professor Hobbes Mrs. Hobbes
3%
Head of Ayn Rand School for Tots; Sister of Llewellyn Mrs. Sinclair
3%
Elderly Retirement Castle Resident; Jury in Court Mrs. Spencer
3%
German Mother of Üter Zörker; Obese, like her son Mrs. Zörker
3%
Balding Middle-aged Man; Has a wife and a son Mr. Williams
3%
Elderly Husband of Sylvia Winfield; Neighbors Simpsons Mr. Winfield
3%
German Father of Üter Zörker; Yells at Seymour Skinner Mr. Zörker
3%
Former History Teacher at Krusty's School for Clowning Ms. Coco
3%
Teacher at Cloisters Academy; Talked to Lisa about book Ms. Marshall
3%
Leader of The Island, a parody of The Prisoner (1960s) Number 2
3%
Host of The ____ Show; (Parody of Oprah Winfrey) Opal
3%
Timbersports Competitor & Partner of Marge Simpson Paula
3%
Chef, Author & Host of What's on ____'s Window Sill?" Paula Paul
3%
Fortune-telling Gypsy & Owner of Princess ____'s Princess Opal
3%
Former Girlfriend of Moe Szyslak (Helen E. Hunt) Renee
3%
Smooth-talking ladies' man from South America; DEAD? Ricardo Bomba
3%
Singer & Songwriter of music for young children & babies Roofi
3%
Secretary for Roger Meyers, Jr. at I&S International Roxie
3%
Famous Chef & TV Host; Challenged Homer to cook-off Scotty Boom
3%
Father of Zhenya; Taxi Driver from Russia; Drove Marge Slava
3%
Chain-smoking Alcoholic Floozie who dated Kirk VH Starla
3%
Banjologist from Dartmouth; Went on 'Verbal Tea' show Stefan Whitmore
3%
Nephew of Fat Tony; Attended Wet 'N' Wild Weekend Stevie B. “S-Money”
3%
Nephew of Fat Tony; Attended Wet 'N' Wild Weekend Stevie F. “Jell-O Shot”
3%
Yellow Duck employed at the Nuclear Power Plant Stewart the Duck
3%
FICTIONAL; Secret Agent Spy in Homer's hallucinations Stradivarius Cain
3%
Young Genius Boy; Attends Enriched Learning Center Sydney Swift
3%
Occasionally performs on The Krusty the Clown Show The Clown Doctor
3%
FICTIONAL; Main Characters in children's TV show The Happy Little Elves
3%
Baby Group; Participated in the "Hot Shot Tots" show The Umbilical Chords
3%
Mustached Baseball Player for Springfield Isotopes Tito
3%
Evil French Wine Maker; Forced Bart to work; Nephew Ugolín
3%
Hippie Owner of _______'s Heap Recycling Center Uriah “Hippie”
3%
Daughter of Slava; Bart Simpson's Piano Teacher Zhenya
3%
Famous Gangster Rapper; Bart snuck into concerts Alcatraaaz
2%
Blonde Squishee Supplier; Had an affair with Apu Annette (Squishee)
2%
Therapist; Previously worked at S. Community College Annette (Therapist)
2%
MyTuber Hosts of 'Let's Talk Boblox! With ___ & ___ __' Astrid / French Fry
2%
European Art Historian; Owner of an Art Gallery Astrid Weller
2%
Frog caught by Bart Simpson; Brought to Australia Bart Junior
2%
One of Nelson's two cronies; Moved to Shelbyville Black Weasel
2%
Female Whale; Washed up on the shore; DEAD Bluella
2%
Youth Minister & Reverend in Springfield; Very Popular Bode Wright
2%
Member of Dirt First, a vegan activist organization Caleb
2%
Marine Biologist working w/ Manatees (Alec Baldwin) Caleb Thorn
2%
Jazz Singer; Participated in Jazzy Goodtime's benefit Cantaloupe St. Pierre
2%
Beatnik Mother of Ned Flanders; Attended wedding Capri Flanders
2%
Timbersports Commentator; Hosted w/ Anger Watkins Chip Bunyan
2%
"Springfield's Most Beloved Man That You Never Saw" Chip Davis
2%
Pro-wrestler; On cover of 'The Golden Age of Wrestling' Comrade Crush
2%
Blonde Waitress at the Latter Days Inn diner Cora (Latter Days Inn)
2%
Own's ____'s Diner; Waitress at Overpass, Skobo's, etc. Cora (Waitress)
2%
Tried to climb The Murderhorn w/ Abe Simpson; DEAD C.W. McAllister
2%
Theater Critic for the Springfield Shopper; Manipulative Daphne Beaumont
2%
Husband of Rayshelle Peyton; Oboist for Orchestra Darryl Peyton
2%
FICTIONAL; Video Game & Dingo Junction Mascot Dash Dingo
2%
Former Miss American Girl; Made some bad remarks Deborah Jo Smallwood
2%
Hot Dog Vendor & Owner of _____'s Caboose Chili Dogs Deuce
2%
Actor; Played a fake FBI Agent in scam of Homer & Bart Devon Bradley
2%
Won a hillbilly contest, that Mary Spuckler competed in Devon Peacock
2%
Godfather of the Springfield Mafia; Boss of Fat Tony Don Vittorio DiMaggio
2%
Homer's Assistant, after taking over for Robert Marlowe Dotty
2%
Veterinarian and Owner of _______ _______, D.V.M. Dr. Lionel Budgie
2%
Simpson Relative; Chief of Complicated Surgeries Dr. Simpson
2%
Homer Simpson's Pen Pal from Spain; 200 Children Eduardo Barcelona
2%
Artsy Counselor at Expressions & Sprubway Worker Ethan Ballantyne
2%
Young Genius Boy; Attends Enriched Learning Center Ethan Foley
2%
Commercial Airline Pilot; USA to Rio de Janeiro, Brazil Fernando
2%
Professional Killer; "The World's Most Devious Assassin" Fernando Vidal
2%
Father of Paolo Paoletti; Extremely rich Tracksuit Mogul Fila Fendi Paoletti
2%
Springfield Socialite; Met Marge at Glen Country Club Gillian
2%
Owner of ______'s Gags & Gifts; (Willy Wonka Parody) Goose Gladwell
2%
Pet Goose of Jay G; Mascot of Golden Goose, a cgl. Goosius
2%
School Principal; Sat at the annual Dance of the Lemons Gwendolyn Hertzfeld-Mastroantonio
2%
Pink-haired Elder at the Springfield Retirement Castle Hattie
2%
Scandinavian Elderly Maid of Krusty the Clown Helga
2%
Homeless Elderly Woman; Secretly lived in Bart's closet Hettie Mae Boggs
2%
Waitress at Gas and Grub; Peeled Sideshow Bob's face Joyce
2%
Naval Recruited; Often makes sarcastic / angry remarks "Just Stamp the Ticket” Man
2%
Fiancée & Business Manager of Grayson Mathers Kaitlyn
2%
FICTIONAL; King ______ Feasts on His Children King Winter
2%
Non-Canon; Clown who terrorized Kingfield; It parody Krusto
2%
Resident at Springfield Retirement Castle; W/ Prudence Lemuel
2%
Factory Worker at Petrochem Petrochemical Corporation Leroy
2%
Hired Goon at the Springfield Nuclear Power Plant Low Blow
2%
Miss American Girl Pageant; Oil Pipeline & Barrel Miss Alaska
2%
Miss American Girl Pageant; Dressed as a potato Miss Idaho
2%
Miss American Girl Pageant; Tornado with House Hat Miss Kansas
2%
Super Model from Wyoming; Loves Professor Frink Miss Wyoming
2%
Former Duff Girl from OK; Judge in Duff talent show Missy LeBeau
2%
Father of Wendell Borton; Commonly seen in the crowd Mr. Borton
2%
Owner & Manager of Candy Most _____; Yelled at kids Mr. Dandy
2%
Owner of Gulp 'N' Blow; Friend of Sideshow Mel Mr. Johansson
2%
Waiter of the Quimby Family; Falsely accused Freddy Mr. Lacost
2%
Mother of Wendell Borton; Commonly seen in the crowd Mrs. Borton
2%
Mother of Gerald Samson; Looks very similar to him Mrs. Samson
2%
Substitute Teacher for Miss Hoover; Disliked Lisa Ms. Cantwell
2%
FICTIONAL; Cartoon Blue Mouse & Crush of Itchy Ms. Mouse
2%
Father of Orville Simpson; Professor; DEAD "Old Tut" Simpson
2%
Parrot of the Sea Captain; DEAD; Held a funeral for her Pauline McAllister
2%
Pet Lobster of Homer Simpson; Eaten by Homer; DEAD Pinchy
2%
Father of Comic Book Guy; Collects postage stamps Postage Stamp Fellow
2%
Mother of Disco Stu; Hated disco, loved public domain Public Domain Debbie
2%
Creator of the Cosmic Wars franchise; (Parody) Randall Curtis
2%
One of The Seven Duffs; Remorse Mascot for Duff Beer Remorseful Duff
2%
Former Restaurant Singer & Girlfriend of Abe Simpson Rita LaFleur
2%
Head Chef at Rancho Relaxo; Cooked for Marge Rodrigo (Chef)
2%
Waiter in Costa Rica; Served Kirk Van Houten Rodrigo (Waiter)
2%
Dog Author of "Sit Stay Love"; At Springfield Book Fair Rufus
2%
Prisoner at Waterville Prison; Helped by Marge in Jail Sardonicus
2%
Salesman & Owner of Señor ___-___'s Doorbell Fiesta Señor Ding-Dong
2%
Sniffer Dog & former Police Dog of Chief Clancy Wiggum Sergeant Scraps
2%
Purported Historical Founder of Shelbyville; DEAD Shelbyville Manhattan
2%
Tortoise owned by Mr. Burns; Had $$$ left in Burns' will Sheldon
2%
Krusty's Sidekick before Bob; Devout follower of Islam Sideshow Raheem
2%
Publisher for TweenLit Inc.; Published Troll Twins book Slick
2%
Baseball Player; New Addition to the Springfield Isotopes Smash Diggins
2%
Eccentric Wife of Milo, owner of Coolsville Comics&Toys Strawberry
2%
5th Grade Student; Fell in love w/ Milhouse Van Houten Taffy
2%
Host of the reality TV show, The Amazing Place Tag Tuckerbag
2%
French Chef & Assassin; Hired to kill Homer Simpson The French Chef
2%
Army General; Led children's drone piloting program The General
2%
Leader of the short-lived Cult of Movementarianism The Leader
2%
Bartender; Worked at Juggernauts and Knockers Titania
2%
Former Child Star; Owner of Lil'__ ____ School of Dance Vicki Valentine
2%
Man who Lives in Springfield; Has books; Where's _____ Waldo
2%
Purple Weasel Mascot for Wall E.Weasel's; "Sings" Wall E. Weasel
2%
Clown at Ding-A-Ling Bros; Juggles bowling pins Wiggles
2%
Japan Game Show Host; Happy Smile Super Challenge Wink
2%
One of Nelson's two cronies; Moved to Shelbyville Yellow Weasel
2%
Cool Teacher; Briefly replace Edna Krabappel's class Zachary Vaughn
2%
Illegal Immigrant; Works at the Nuclear Power Plant Zutroy
2%
Co-Founders of CarGo; Hired Homer Simpson briefly Antoine / Zora
1%
Hairdresser at The Perm Bank; Marge has gone there Armando (Perm Bank)
1%
Patrons at Flaming Moe's; Met Barney in bathroom Armando / Rafi
1%
Cashier at Try-N-Save; Convinced Homer to buy a lot Armando (Try-N-Save)
1%
Goat; Found by Bart, Nelson, Dolph, Martin in Highlands Axel
1%
German Baron; Marge sent him a taxi bill by accident Baron Von Kiss-A-Lot
1%
Family Dog of the Flanders; Loves Homer Simpson Baz
1%
Brown Dog of Cletus Spuckler; Guarded a possum Beauregard
1%
Nutritionist; Hired by Marge to put Homer on a diet Betsy Bidwell
1%
FICTIONAL; Superhero & Member of the Vindicators Black Voodoo
1%
Greedy Store Employee at Pedalon, a fitness store Blaze
1%
Police Dog; Owned by Eddie & Lou; Attacked Homer Bobo
1%
Cow owned by Cletus Spuckler; Went to Slaughterhouse Bossie
1%
Father of Tobias Drundridge; Lives in Australia Bruno Drundridge
1%
Mafioso in the Springfield Mafia; Held phone for Tony Bruno Wife-Banger
1%
FICTIONAL; Krustyland Character at Krusty Fest Burger Reynolds
1%
Young Genius Girl; Attends Enriched Learning Center Cecile Shapiro
1%
Former Girlfriend of Krusty; Date where Willie was waiter Charity Titters
1%
FICTIONAL; Supervillain & Enemy of the Vindicators Chinnos
1%
Ringmaster for the Cirque de Purée (French-Canadian) Cirque de Purée Ringmaster
1%
Barber at the Hair-Do the Right Thing Barber Shop Clarence
1%
Two-time Fast Car Champion; Met the Simpson family Clay Babcock
1%
Light Blonde-hair Coach; Bail Jumper; Ran from Homer Clay Roberts
1%
Elaine Wolff's former lover; Left his wife for Elaine Wolff Clayton
1%
Cookie's cleaning assistant at the Lazy I Ranch (Gollum) Cleanie
1%
TV Critic at Channel 6; Gave overview of Krusty's career Clive Meriwether
1%
Mascot of the Ah, Fudge! Factory.; Can't be near kids Cocoa Beanie
1%
Life Coach; Help Homer get better job (Stephen Colbert) Colby Krause
1%
Waitress at Flaming Moe's; Brief Relationship w/ Moe Collette
1%
Breakfast Cereal Mascot; Count Chocula Parody Count Fudge-ula
1%
Owner & Salesman at ____ ____'s Place of Automobiles Crazy Vaclav
1%
Bartender at the Breezeways in Courtyard by Airport Curtis
1%
Best-selling Electronica Artist; Judge on Duff talent show Der Zip Zorp
1%
Half-brother of Simon Woosterfield; Tried killing Simon Devan Woosterfield
1%
Dog of Lenny Leonard; Snarled at by Santa Little Helper Devin
1%
Magician at Magic Palace, a dinner theatre restaurant Diablo
1%
FICTIONAL; Short-lived Itchy & Scratchy Show character Disgruntled Goat
1%
DJ & Singer, alongside Biljana Electronica (Kyle Gordon) DJ Crazy Times
1%
Mother / Daughter; Rich Family that lives in Springfield Dowager / Débutante
1%
FICTIONAL; Psychiatrist in Bart Simpson's coma dream Dr. Morton
1%
Clown at Ding-A-Ling Bros; Fat who drools a lot Drooly
1%
Dentist & Owner of Painless Dentistry, a small clinic Dr. Wolfe
1%
Director of a Fathering Enrichment class; Homer / Bart Dr. Zander
1%
Psychologist; Helped Marge overcome her fear of flying Dr. Zweig
1%
Pop Singer, U.N. AmbassaDiva, & lip gloss spokesman Echo
1%
Member of the Stonecutters; Wears an Egg costume Egg Council Guy
1%
Homeless Woman; Lives outside the Regent Hotel Eloise
1%
Italian Paparazzo; Hired by Rainier Wolfcastle for Homer Enrico Irritazio
1%
4th Grade Religious Students; Left class to pray for souls Ezekiel / Ishmael
1%
Killer & Employee for the Globex Corporation; Parody Femme Fatale
1%
Police Officers; Ordered to sleep together by Wiggum Fitz / Garcia
1%
Turkmenistani Exchange Student at Spr. Elementary Fizix
1%
Clown at Ding-A-Ling Bros; Wears large flip flops Flip Flop
1%
Ya Hoo! Cast Members; Fat Farmer & his pet Pig Freddy-Boy / Yuma
1%
FICTIONAL; Main Killer in Xbox Game: ____ the Hit Man Frosty the Hit Man
1%
Soldier & Ex-husband of Stacy Lovell; (Action Figure) G.I. Joe
1%
FICTIONAL; Male; The Elf on the Shelf Parody Gnome in Your Home
1%
Elderly Nuclear Power Plant Employee w/ one tooth Gummy Joe
1%
Waitress at Joe's Diner; Homer almost left Marge for her Gwenn
1%
American Gladiator; Best Friend of Chase "Pyro" Gyro
1%
Friends of Homer, Lenny & Carl at Power Conventions Halpern / Sherman
1%
Two Members of the Yakuza; Fought the Mafia Hiroshi / Yukio
1%
Diverse Singing Group; Sang the Duff Gardens TV ad Hooray for Everything
1%
Lady Brewologists; Potential Mascots for Duff Beer Hops / Barley
1%
FICTIONAL; Bear Fire Safety Mascot at Mt. Useful Hosey the Bear
1%
Cool Kid w/ sunglasses; Hangs out at Noiseland Arcade Howie
1%
Talking Camel in Colonel Tex's Traveling Carnival Humphrey the Talking Camel
1%
FICTIONAL; Superhero & Member of the Vindicators Hydrangea
1%
FICTIONAL; Jamaican versions of Itchy & Scratchy Itchem / Scratchem
1%
Orange-haired Student in Bart Simpson's classroom Jaffee Ziswhisky
1%
Manager of Kissimmee St. Nick Theme Park and Resort Jeanie
1%
Employee at Mustarderie in Little Europe Jorge
1%
Barney Gumble's girlfriend while in Be-Sharps (Parody) Kako
1%
Cousin of Apu; Helped Homer Simpson while in India Kavi Nahasapeemapetilon
1%
Former Tour Guide & Current President of Tanzania Kitenge
1%
Child at a Party; Looked like Bart w/ face paint & crown Leland Huebner III
1%
School Snake of Springfield Elementary; Green Boa Lumpy
1%
Guest on The Krusty the Clown Show w/ poodles Madame Mimi
1%
FICTIONAL; Superhero & Member of the Vindicators Magnesium Man
1%
Members of Jehovah's Witnesses; Marge told them off Marlin / Noreen
1%
Japanese Master Sushi Chef at The Happy Sumo Master Sushi Chef
1%
Mexican Version of Duffman; Mascot for Duff Beer Mexican Duffman
1%
Former Food Critic & Wife of The Lifeways Editor Mimi
1%
Miss American Girl Pageant; Abraham Lincoln costume Miss Illinois
1%
Miss American Girl Pageant; Had racetrack around neck Miss Indiana
1%
Miss American Girl Pageant; Rode a horse onto stage Miss Kentucky
1%
Miss American Girl Pageant; Dressed as a lobster Miss Maine
1%
Miss American Girl Pageant; Cigarette "through" body Miss North Carolina
1%
Miss American Girl Pageant; Replica of Mt. Rushmore Miss South Dakota
1%
Miss American Girl Pageant; Wore oil rig on her head Miss Texas
1%
Miss American Girl Pageant; Maple Syrup Pancakes Hat Miss Vermont
1%
Chased out of Moe's Tavern by Anastasia Alekova Moose / Squirrel
1%
Famous Fashion Critic; Judge for Miss American Girl Mr. Boswell
1%
Kind Teacher at Cypress Creek Elementary School Mr. Doyle
1%
Father of Eugene Fisk; Went to Eugene's buck's night Mr. Fisk
1%
Supply Teacher at Springfield Elementary; Quit for name Mr. Glasscock
1%
Father of Adil Hoxha; Sent Adil to America as a spy Mr. Hoxha
1%
Blind Man; Briefly adopted Santa's Little Helper Mr. Mitchell
1%
Acupressurist; Helped Marge's broken foot at a ski resort Mr. Sakamoto
1%
Father of Dolph Shapiro; Once beat up Homer Simpson Mr. Shapiro
1%
Mother of Adil Hoxha; Sent Adil to America as a spy Mrs. Hoxha
1%
Wife of a man at the Nuclear Power Plant; Mother Mrs. Long
1%
Mother of Groundskeeper Willie; Owns a bar in Scotland Mrs. MacDougal
1%
Applied to be Simpson's nanny; (Mrs. Doubtfire Parody) Mrs. Pennyfeather
1%
Mother of Luigi Risotto; Commonly hit Luigi w/ spoon Mrs. Risotto
1%
Overprotective Father of Samantha Stanky; Moved Mr. Stanky
1%
Krusty the Clown's former Sidekick, ordered by the court Ms. No Means No
1%
Secretary for Principal Seymour Skinner; Friendly w/ Bart Myra
1%
Employee at the Candy Shoppe in Barnacle Bay Nathaniel
1%
Class Pet Hamster at Springfield Elementary; DEAD Nibbles
1%
Finnish Owner of Kevät Kenttä Nuclear Power Plant Onni Korhonen
1%
Unnamed Owner of Ostrich World; Welcomed Simpsons Ostrich World Owner
1%
Entrepreneur & Owner of LifeBoat; Ex-wife of Mr. Burns Persephone Odair
1%
Retired Nature Photographer & Friend of Bart Simpson Phoebe Pratt
1%
Pet Guinea Pig of Lisa Simpson; Destroyed painting Pokey
1%
Gorilla in the Springfield Zoo; Freed by Bart & Lisa Popo
1%
Adopted Son of Comic Book Guy & Kumiko Albertson Prius Albertson
1%
Blue-hair Art Teacher at Springfield Community College Professor Lombardo
1%
One of The Seven Duffs; Queasy Mascot for Duff Beer Queasy Duff
1%
Half-Sister of Simon Woosterfield; Tried killing Simon Quenly Woosterfield
1%
Famous MyTuber; Reacts to other videos (Tal Fishman) Reaction Guy
1%
Black Member of the Superfriends; Wears yellow shirt Report Card
1%
Poodle of the Hibbert Family; Had puppies w/ Santa's LH Rosa Barks
1%
Tango Dancer; Bart Simpson had free lessons w/ her Rosarita
1%
Owner of the Ajax Steel Mill & Play-Doh Factory Worker Roscoe
1%
Dog Actor; Determined to Attack Bart Simpson Rover
1%
Cruise Entertainment Director for the Royalty Valhalla Rowan Priddis
1%
Salesman; Went to franchise expo to sell his company Royce McCutcheon
1%
Background Spuckler Child; (Twisted World of Marge) Rumer Spuckler
1%
Mascots for the Scammer & Z-Dog vending machines Scammer / Z-Dog
1%
FICTIONAL; Son of ABOVE; Good relationship w/ Dad Scratchy, Jr.
1%
Killer Whale owned by Aquatraz Water Park; Freed Shame-u
1%
Guitarist for Sungazer; Discovered Apu for lead singer Shredder Stevens
1%
One of The Seven Duffs; Sleazy Mascot for Duff Beer Sleazy Duff
1%
Inmate at Springfield's Women Prison; Knocked Out Solar
1%
Member of the Springfield Mafia; Gos-along w/ whatever Sonny Go-along
1%
Mascot made by Homer for Springfield Olympic Games Springy the Springfield Spring
1%
Transgender Cousin of Helen Lovejoy; Male-to-"female" Stanlerina
1%
Teacher of the extension class "Successmanship 101" Stark Richdale
1%
Builder who moved from Ogdenville to Springfield Sven
1%
Master Hypnotist & Criminal; Hypnotized Homer S. Svenjamin “Sven” Golly
1%
Pet Chihuahua of Milhouse Van Houten; Very mean Taquito
1%
Former Husband of Julio Franco; Homer officiated Thad
1%
Circus Freak; Very Old Man claiming to be a virgin The 400-Year-Old Virgin
1%
Gray-haired Pro-bidder on "Storage Battle: Tahoe" The Charmer
1%
Unnamed Circus Ringmaster at Ding-A-Ling Bros. Circus The Ding-A-Ling Bros. Circus Ringmaster
1%
FICTIONAL; Member of The Fossil Fuel Four; Burly The Fracker
1%
Elderly Alaskan Woman; Helped Homer have epiphany The Medicine Woman
1%
Real-world Superhero; Has own comic book (Parody) The Mulk
1%
Unnamed Clerk at Raw Barn, natural peanut butter shop The Raw Barn Clerk
1%
Unnamed Tabloid Editor at The Inquisitor (J.K. Simmons) The Tabloid Editor
1%
Unnamed Judge for the TV show, Topiary Wars The Topiary Wars Judge
1%
Unnamed Presenter for the TV show, Topiary Wars The Topiary Wars Presenter
1%
Jazz Singer; Participated in Jazzy Goodtime's benefit Tootsie Childs
1%
Notary in China; Helped Selma & Wu get a notary Wang Pu
1%
Bully; Frames Bart Simpson for shooting Chester Wilbur Nurple
1%
Ya Hoo! Cast Member; Yodeler at Beer-N-Brawl Tavern Yodelin’ Zeke
1%
FICTIONAL; Character from __ __ & the Cloud Palace Yo Yo
1%
Employee at the Candy Shoppe in Barnacle Bay Zeke
1%
Retired Admiral; Attends high profile, rich events Admiral Carstairs
0%
EPA Agent; Caught Burns hiding waste in the Park Agent Malone
0%
FICTIONAL; TV Host of 'Dancing with the Scars' Alleycat Deeley
0%
Jazz Singer; Photograph up at Jazzy Goodtime's Anwar Benitez
0%
Former Mascot of Ovenfresh in 1954; Bakeoff Judge Auntie Ovenfresh
0%
Former Champion for Hot Shot Tots, & current Judge Baby Dimples Riskind
0%
Old Pro-wrestler; Fought against Abe Simpson & lost Baby Face Palooka
0%
Jazz Musician; Played at Jazzy Goodtime's benefit Bad-Check Mazursky
0%
Clown at Ding-A-Ling Bros; Wears a barrel around him Barrels
0%
Group of Dancers & Prostitutes; Hired by Mr. Burns Basket Bells
0%
Magazine Vendor; Got friend Marge 'Sponge & Vacuum' Benevenstanciano
0%
Clown at Ding-A-Ling Bros; Wears a gong around him Bing Bong
0%
Italian Gelato Salesman; Flown out to Kids Formula One Bippe
0%
FICTIONAL; Horror Movie: ____ Meets ____ ______ Blacula / Black Dracula
0%
Clown at Ding-A-Ling Bros; Wears a football uniform Blitzy
0%
FICTIONAL; Member of the Ki-Ya Karate Monsters Blob Jitsu
0%
Clown; Up on the wall of clowns at Mussel & Flanks Boingo
0%
Version of Santa; Mascot for Bonestorm, a video game Bonestorm Santa
0%
Player for Boston Americans; Cheered on by a crowd Bonkowski
0%
Mentally-ill British Neighbors of the Simpsons Booth Wilkes-John / Wallis
0%
Jazz Tenor Saxophonist; Played at The Jazz Hole Boston Cream Basie
0%
Bartender at MoHo HOUSE; Served Moe & Marge Brandt
0%
Clown at Ding-A-Ling Bros; Clumsy, bumps into things Bumpo
0%
Woman who went to Blazing Guy; Wore butterfly wings Calypso Self-Knowledge
0%
Mascot of Bob's RV Round-Up; Parody of King Kong Camper Kong
0%
Norwegian Cruise Chip Captain of the Royalty Valhalla Captain Svalbard
0%
Captain of the Springfield Reserve Sub, U.S.S Jebediah Captain Tenille
0%
Personal Golf Caddie for Club President Bildorf Chadlington
0%
FICTIONAL; Member of The Fossil Fuel Four; French Charcoal Briquette
0%
Dated Lou; had dog double-date w/ Santa's Little Helper Charquelle
0%
Female Horse owned by Fat Tony; Made to have babies Cheesesteak
0%
Mascot for a Hamburger Restaurant (name not specified) Cheesy McMayor
0%
Gray Racedog from Springfield Downs; Lost to Whirlwind Chew My Shoe
0%
Pet Armadillo of the "Cool Family"; Played w/ pets Chuey
0%
FICTIONAL; Superhero & ally of Radioactive Man Citizen Solar
0%
Clown at Ding-A-Ling Bros; Rides a red-ish unicycle Clabby
0%
ACLU-appointed Liberal Lawyer for Lisa Simpson in NY Clarisse Drummond
0%
Overzealous Neighborhood Watch Guy; Shot in leg Clem
0%
Ya Hoo! Cast Member; Wears large flowered hats Cloris Mozelle
0%
Homer Simpson's Baseball Coach during High School Coach Flanagan
0%
Cousin of Comic Book Guy; Collects vintage pants Collectible Pants Dude
0%
Teenagers; Animal Rights Activists; Broke into feed lot Compost / Solar Panel
0%
Cop; Member of the focus group testing Moe's bourbon Cop with a Secret
0%
Jazz Musician; Played w/ Marbles, Skinny & Bart S. Count Four Count
0%
Unauthorized Krusty the Clown Look-alike/ Impersonator Crappy the Clunk
0%
Magician & Host of Magicfreek; Canadian Parliament Cregg Demon
0%
Jazz clarinetist; Played at Jazzy Goodtime's benefit C.S.I. Miami
0%
Inmates at Springfield Prison; Sideshow Bob said bye Cutter / Icepick
0%
Four Man, Hip-Hop Group; Performed at Murder 4 Life Da Glock Pointaz
0%
Yale Graduate who went to Springfield Elementary Dahlia Brinkley
0%
Jazz Musician; Said that America was stealing music Daly Night
0%
Member of the Calabresi Mafia; Rival of Fat Tony; DEAD Dante Calabresi, Jr.
0%
Father of ABOVE; Member of Calabresi Mafia; DEAD Dante Calabresi, Sr.
0%
Father of Orion Hughes; Well-known Actor & Singer Darius Hughes
0%
Friend of Kirk Van Houten during separation from Luann Dawn
0%
Dean of Campers for the University of Springfield Camp Dean Belichick
0%
Snowman Gangster; Simpsons: Tapped Out Original? Deep Freeze
0%
Running Back for the San Antonio Cow Skulls; Parody Deion Overstreet
0%
Criminal at Waterville Prison; Tried killing a cow at rodeo Delbert
0%
Landowner and Artist at Springfield Desert State Park Delbert Fornby
0%
Secretary for Lionel Hutz & at Shotgun Pete's Chapel Della
0%
Detective and Deputy Director of the FBI (Will Arnett) Deputy Director Gratman
0%
Old Roommate of Mr. Burns from Yale; Burns didn't like Dink
0%
DJ alongside Homer, when he became fully licensed DJ Daddy Towers
0%
FICTIONAL; DJ in 'Project: After Party', a comedy movie DJ Keg Head
0%
Clown at Ding-A-Ling Bros; Wears a doctor uniform Doctor Pickles
0%
Blue Racedog from Springfield Downs; Lost to Whirlwind Dog O’War
0%
Kid Niece of Jakob; Assists tracking tourists in Israel Dorit
0%
Scientist at NASA; Talked about TV Ratings w/ Stillwater Dr. Babcock
0%
Doctor & Principal of Waverly Hills Elementary School Dr. Bettleheim
0%
Huge Professional Wrestler; Married to Rumbleina Dr. Bonebreak
0%
Gray-haired Child Psychologist & Marriage Counselor Dr. Brentano
0%
Veterinarian at Cheep, Cheep, Cheap!; Rude Dr. Callas
0%
Psychologist; Visited by Marge every Wednesday Dr. Carlock
0%
Psychiatrist & Author of 'The Myth of the Imperfect Child' Dr. Clarity Hoffman-Roth
0%
FICTIONAL; Crustacean ArchEnemy of Radioactive Man Dr. Crab
0%
Armenian-American; Works at a Euthanasia Clinic Dr. Egoyan
0%
Doctor & Author; Told parents about G.R.I.T. system Dr. Fenton Pooltoy
0%
Hair Specialist; Works at Hair Clinic, in Springfield Mall Dr. H. Boyle
0%
Pro-wrestler; Fought The Iron Yuppie in Death Match Dr. Hillbilly
0%
Dermatologist & Owner of Dr.______ Dermatology Clinic Dr. Irving Zitsofsky
0%
Psychologist at Springfield Elementary (J.K. Simmons) Dr. Jessup
0%
Orthodontist and Owner of Kidzrule Orthodontics! Dr. Kidzrule
0%
"Doctor" that helps w/ Love Lives; Helps Moe Szyslak Dr. Kissingher
0%
Therapist & Scammer at Messages (Werner Herzog) Dr. Lund
0%
Psychiatrist; Worked at Complex Medical Care; DEAD Dr. Nussbaum
0%
Jazz Drummer; Photograph up at Jazzy Goodtime's Drop Jaws Turner
0%
Clown on children's show; Lost Emmy to Sideshow Bob Droppy Drawers
0%
Doctor; Former Bully, now teaches others not to Bully Dr. Raufbold
0%
FICTIONAL; Villain of Everyman (The Lizard Parody) Dr. Reptilicus
0%
FICTIONAL; Imaginary Family Therapist of Lisa Simpson Dr. Schulman
0%
Child & Animal Psychiatrist; Helped Santa's Little Helper Dr. Thurston
0%
Plastic Surgeon; Works at Stomach Staples Center Dr. Velimirovic
0%
Great White Shark; Newest Mascot for Duff Beer Duff McShark
0%
Employee at Frank Needy & Sons; (Chumlee Parody) Dumlee
0%
Police Officers; Ordered to back up Ward & Van Zuylen Earhart / Keneally
0%
FICTIONAL; Man in costume ran over by Abe Simpson Eeymore
0%
Mexican Wrestler sponsored by Springfield Investorettes El Bombastico
0%
Soccer Player from Brazil; Biggest Diver in the World El Divo
0%
Young Italian Boy; Played music at Le Petite Appétit El Puerco
0%
Attendee of the National Native American Tribal Council Emcee
0%
Well-known Author & Publisher of Romance Novels Esme Delacroix
0%
Hillbilly/Musician; Scared off Bart & Lisa (Jack McBrayer) Ewell Freestone
0%
FICTIONAL; Character on show, The Electric Company E-Z Reader
0%
Patriotism Editor of the "Reading Digest" magazine Faith Crowley
0%
Hired by Number 2 to pose for Homer in Springfield "Fake Homer"
0%
Cheerleader Group at the Speedway; Shoots t-shirts Fan-Demonium
0%
Two Female Jazz Tenor Saxophonists; At Jazz Hole Fatneck Sisters
0%
Imaginary Mascot of 2014 Olympics by Bart Simpson Fatov
0%
Portuguese Crew Member of The Rotting Pelican Fausto
0%
Clown at Ding-A-Ling Bros; Springs on hands & feet Fiddle Faddle
0%
Orange Racedog from Springfield Downs; Lost race Fido
0%
Baseball Player; New Addition to the Springfield Isotopes Fishbone Walker
0%
Clown at Ding-A-Ling Bros; Wears a chef outfit & cooks Flap Jack
0%
Mascot for BostonAmericans; Scored winning touchdown Flappy the Flag
0%
Washed-up, Elderly Player for the Springfield Isotopes Flash Bailor
0%
Firefighter; Put out a fire at the Simpson family house Flint Drywall
0%
Alligator bought by Homer for Bart; Flushed down toilet Flushy
0%
Dog owned by Diane, a woman who dated Ned Flanders Foofie
0%
Interior Designer; Hired to redecorate Moe's Tavern Formico
0%
FICTIONAL; Member of the Ki-Ya Karate Monsters Franken Samurai
0%
Gray and White Falcon, owned & trained by Diggs Freedom
0%
Female Chinese Professional Basketball Player; Tall Fung Pang-Li
0%
Pet Knife-fighting Monkey owned by Mr. Burns (Parody) Furious George
0%
Mother of ABOVE; In Moe's bourbon focus group Gavin's Mother "Soccer Mom"
0%
Elderly Woman w/ an electrolarynx; Hired Bart Simpson Gerty
0%
Fat, bald Orderly at Springfield Retirement Castle Gingo
0%
Dog of Seth & Munchie at Groovy Grove Juice Corp. Ginsberg
0%
Retired Italian Fireworks Pyrotechnic; Put on a show Giuseppe Granfinali
0%
Consulate of Sweden; Met with the Simpson family Gottfrid
0%
Jazz Tenor Saxophonist; Played at The Jazz Hole Grabass Walker
0%
Elderly TV Personality on ¡Noches con Abejorrito! Grampa Baby
0%
Sapphire Lounge Singer in the Ye Olde Off-Ramp Inn Gulliver Dark
0%
FICTIONAL; 1/2 Characters in Menace Tooth Society Gum Disease
0%
Theatrical Director; Directed 'Sad Girl' (Martin Short) Guthrie Frenel
0%
Employee at Nuclear Power Plant w/ a big hand Guy with Big Hand
0%
Emotional Support Chicken owned by Truth-Anne Gwyneth Poultry
0%
Clown at Ding-A-Ling Bros; Has comedically large hands Handsy
0%
Well-known Magician; Taught Lisa Simpson magic tricks Harvey Raymondo
0%
FICTIONAL; Dead Headmaster in Angelica Button series Headmaster Greystash
0%
Jamaican Member of Reaction Guy's crew; MyTuber Hedgehog
0%
Cosplayer on Pacific Princess Leia; Fell onto by CBG Hedonismbot Cosplayer
0%
Pet Brown Cat of Elizabeth Hoover; Rude Cat Hemsworth
0%
Head of Springfield Historical Society (Don. Sutherland) Hollis Hurlbut
0%
Purple-haired Clown; Fled from Bart Simpson's tank Hoohah
0%
Pet Macaw of Duffman; Helped Maggie rescue possum Hoppy
0%
Tourist & Undercover TV Personality; Hated Springfield Howell Huser
0%
FICTIONAL; Lenny Leonard's Imaginary Friend (Parody) Hufnpuffalus
0%
Bull Mascot at Kissimmee St. Nick Theme Park & Resort Hug-A-Bull
0%
Referee at an Easter Egg Hunt; Wore a bunny costume Hugs Bunny
0%
Member of the Rolling 80; Rode with DJ Kwanzaa Ice Mocha
0%
Crossword Competitor; Thought Simpsons cheer for her Ilsa
0%
Greyhound Racing Dog; Tends to always come in third I’m Number Three
0%
Carnival Freak who puts nails up his nose; Hallabalooza Impervo the Painless
0%
Elder at the Springfield Retirement Castle; Sleeping Increase
0%
Babysitter for the Simpsons; Migrated from Ogdenville Inga (Babysitter)
0%
Bikini Model from Sweden; Willie's ex-girlfriend Inga (Bikini Model)
0%
Cashier at Mustarderie in Little Europe Inga (Mustarderie)
0%
Boy; Had his own float in the St. Patrick's Day Parade Irish Boy Most Resembling a Potato
0%
Student & Bully at Springfield Preparatory School Jackington
0%
Jeans Counterfeiter; Ran business w/ Herman Hermann Jericho
0%
FICTIONAL; Cosmic Wars Character; (Jar Jar Parody) Jim-Jam Bonks
0%
Clown; Wears a purple-barrel; Fled from Bart in a Tank Jitters
0%
Child Go-Kart Racer in Goldfish Cart; Opening Racer Johannes von Schwarzvalder III
0%
FICTIONAL; Survival Games; (Gale Hawthorne Parody) Joshuel
0%
FICTIONAL; Member of the Ki-Ya Karate Monsters Judo Mummy
0%
FICTIONAL; Main Character in The Survival Games Keendah Wildwill
0%
Party Planner; Planned Addy's birthday party sleepover Kensey
0%
Agent for Highsmith Modeling; Modeled at Luigi's Kiki Highsmith
0%
Art Forger on Isla Verde, an island famous for Strupo Klaus Ziegler
0%
Rude Car Salesman & Owner of _____'s Kar Chalet Kliff
0%
FICTIONAL; Short-lived Itchy & Scratchy Show character Klu Klux Clam
0%
Clown; Up on the wall of clowns at Mussel & Flanks Knick Knack
0%
Siamese Twin-midgets; Interviewed by Jerry Rude Knick-Knack / Paddy-Whack
0%
Australian Man who loves spoons; Drank at a bar Knifey Spooney
0%
Russian Ice Hockey Player on Springfield Ice-O-Topes Kozlov
0%
FICTIONAL; Member of the Ki-Ya Karate Monsters Krav-Ma Golem
0%
Owner of _____'s Krafts; Former owner of Petey Krista
0%
Rat; Employed by Artemis at The Confidential Kristof
0%
House Band for The Krusty the Clown Show; 4-piece Krusty and the Krums
0%
Group of Bullies that dress like Clowns; Bully Summit Krusty’s Kids
0%
FICTIONAL; Member of the Ki-Ya Karate Monsters Kung Fu Werewolf
0%
Biological Sister of Lenny Leonard; Dated Carl Carlson Lainie Leonard
0%
Asian Employee at Nuclear Power Plant; Does drugs Lang-Soo
0%
Elderly; Member of focus group testing Moe's bourbon Latina Granny
0%
Pro. Bodyguard Trainer; Owns _____'s Bodyguard Acad. Leavelle
0%
Doomsday Prepper; Brought Homer to their retreat Lloyd
0%
FICTIONAL; Evil Snake in the Angelica Button series Lord Evilton
0%
Leader of Los Souvenir Jacquitos, a senior citizens gang Los Souvenir Jacquitos Leader
0%
Secret Cousin & Former Lover of Charles M. Burns Lyla
0%
Brown Pony; Kids at Springfield Elementary rode her Macaroni
0%
Abraham Simpson's friend from the Air Force; Elderly Mach Ridley
0%
Pink-haired Girl in Murmur Nation, Ashlee Starling's fans Mackenzie (Murmur Nation)
0%
FICTIONAL; Main Antagonist in Angelica Button series Malicious Krubb
0%
Suave Polish-American Freelance Insurance Investigator Manacek
0%
African Residents of Tanzania; Tribal Girl / Tribal that ran Mbali / Ngongo
0%
Rapper at Phineas Q. Butterfat's Ice Cream Parlor M.C. Birthday
0%
Famous Rapper; Hip-Hop Act at Murder 4 Life concert M.C. Champagne Millionaire
0%
Biker Members of Hell's Satans in Bakersfield, USA Meathook / Ramrod
0%
Moose Spokesperson & Mascot for Laramie Cigarettes Menthol Moose
0%
Brother of Marvin M.; Owns Happy Sailor Tattoo Parlor Mervin Monroe
0%
Hypnotist at The Pimento Grove, a fancy restaurant Mesmerino
0%
Assistant to Praline, the ex-wife of Jay G; No Respect Miata
0%
Mother of Kumiko Albertson; DEAD; Ghost of Husband Michiko Nakamura
0%
Horse Trainer & Owner of The Grateful Gelding Stables Millicent
0%
Author of The Land of the Wild Beasts (Parody) Milton Burkhart
0%
Orange-haired School Nurse at Springfield Elementary Miss Phipps
0%
FICTIONAL; Member of the Ki-Ya Karate Monsters Mixed Martial Medusa
0%
FICTIONAL; Superhero & Member of the Vindicators Moby Man
0%
Non-fluent French Teacher at Springfield Elementary Monsieur Kupferberg
0%
Brother of Martin Prince; Lead Drummer in school band Montaigne Prince
0%
Cow owned by Prof. Frink; Turned into Ice Cream Maker Mootilda
0%
Professional Yo-Yo Trick Guy; Can hold Six Yo-Yos Mr. Amazing
0%
Teacher at Springfield Elementary; Daffodils reading Mr. Becker
0%
Clown at Ding-A-Ling Bros; Carries around a bindle Mr. Bindle
0%
Professional Ivory Dealer; Former Seal Clubber Mr. Blackheart
0%
Record Producer at Hicksville U.S.A. Recording Studio Mr. Boylan
0%
Bowling Alley Owner of _______'s Bowl-O-Rama Mr. Bulger
0%
Pro-bidder Couple on "Storage Battle: Tahoe" Mr. Business / Mrs. Business
0%
Fancy Mascot for Cashew Nuts; (Parody of Mr. Peanut) Mr. Cashew
0%
Father of Groundskeeper Willie; Owns a bar in Scotland Mr. MacDougal
0%
Homer's Guidance Counselor at Springfield High School Mr. McIntyre
0%
Announcer on phone lines when booking cinema tickets Mr. Movie Phone
0%
Shauna's Music Teacher at Springfield High School Mr. Orlando
0%
FICTIONAL; Imaginary Bear Friend of Ralph Wiggum Mr. Rum-ta-Tum
0%
Marge Simpson's Teacher at Springfield High School Mrs. Bloomenstein
0%
Marge's old Art Teacher at Springfield High School Mr. Schindler
0%
Homer/Marge's Shop Teacher at Springfield High School Mr. Seckofsky
0%
FICTIONAL; Female; The Elf on the Shelf Parody Mrs. Gnome in Your Home
0%
Owns a large compost heap; Guard heap w/ a shotgun Mrs. McFearly
0%
Librarian at Springfield Public Library; Friendly w/ Lisa Mrs. Norton
0%
Applied to be Simpson's nanny; Attacked by Homer S. Mrs. Periwinkle
0%
Indian Owner of You Thai Now, a Thai restaurant Mr. Thai
0%
Chinese Consulate; Works at the Consulate of China Mr. Zhao
0%
Teacher at Springfield Elementary; Runs Debate Team Ms. Dubinsky
0%
1st Grade Teacher & Nuclear Power Plant Employee Ms. Finch
0%
Etiquette Instructor at Camp Land-A-Man; DEAD Ms. Killebrew
0%
Grief Counselor; Works at Discount Grief Counselor Ms. Mancuso-Gluckman
0%
Teacher at Enriched Learning Center for Gifted Children Ms. Melon
0%
Professional Monster Truck Driver; Drove a orange truck Ms. Monster
0%
Teacher at Springfield Elementary; Night Telemarketer Ms. Timberwood
0%
Retired Former Principal of Springfield Middle School Ms. York
0%
Mascot for Mucinex; Seen at Corporate Fan Convention Mucinex Loogie
0%
Very Tall Basketball Player; "The Human North Pole" Muk Mu
0%
Dog Mascot at Kissimmee St. Nick Theme Park & Resort Mulberry Mutt
0%
Demolition Derby Driver; Went against Gene Dupree Mysterious Fandango
0%
Owner of SoulHouse; Went out with Carl Carlson Naima
0%
Nascar; Member of focus group testing Moe's bourbon Nascar Dad
0%
Main Host of 'Head Butt'; Often yells a lot to his guests Nash Castor
0%
Owner of Makeup, a stall at the Springfield Glenne Nasreen
0%
Member of the Rolling 80; Rode with DJ Kwanzaa Nasty J
0%
Small Dog owned by Moe Szyslak; Sat in Moe's pocket Neil Patrick Hairless
0%
Dog; Lives in Channel 6 Studios; Has 7 Emmy Awards Newshound
0%
Jazz Musician; Watched musicians in The Jazz Hole Nighty Day
0%
Pet Pugs of Paula; Showed off to Marge Simpson Nike / Swoosh
0%
FICTIONAL; Member of the Ki-Ya Karate Monsters Ninja from the Black Lagoon
0%
Jazz Musician; Watched musicians in The Jazz Hole No Nickname Henderson
0%
Clown in blue & orange suit; Ran away from Bart in tank Noodles
0%
Alien & Former Stonecutter; Sang the "We Do" song Number 51
0%
Prison Guard at the Montgomery Burns State Prison Officer Krackney
0%
Clown; Up on the wall of clowns at Mussel & Flanks Oingo
0%
FICTIONAL; Member of The Fossil Fuel Four; Coal Old King Coal
0%
Female, blue-haired Clown; Ran from Bart in a tank Oopsie
0%
Drunkard freed from Jail by Homer, Lenny & Carl Otis
0%
Clown; Up on the wall of clowns at Mussel & Flanks Paddywhack
0%
Daughter of Sanjay; Niece of Apu; Likes to sing Pahasatira Nahasapeemapetilon
0%
Father of Maisie, Hamish & Owen; Dislikes Gr. Willie Pa MacWeldon
0%
FICTIONAL; Main Character in ___ ___: Water Park Cop Paul Flart
0%
Clown; Up on the wall of clowns at Mussel & Flanks Penny Nickels
0%
Plays the biggest cat in the world in a children's program Pepito
0%
Only other Mayoral Candidate in Springfield; Long name Petrovichnyamilelenkossarian
0%
Angry Resident Bull Panda at the Springfield Zoo Ping-Ping
0%
Ya Hoo! Cast Member; Had an emcee-style role Pip Diddler
0%
Ex-wife of Jay G; Said Jay G took everything from her Praline
0%
Overweight Mobster in the Calabresi Mob; DEAD Primo "Big Alberto"
0%
Principal of a school in Springfield's school district Principal Duggins
0%
Principal of a Magnet School (Hannibal Buress) Principal Finch
0%
Former Principal of Springfield Elementary School Principal Meredith Milgram
0%
School Principal; Sat at the annual Dance of the Lemons Principal Sackett
0%
Great Principal of Shelbyville Elementary School Principal Valiant
0%
School Principal; Sat at the annual Dance of the Lemons Principal Weinberg
0%
Senior Humanities Professor at Springfield University Professor Hessler
0%
Lecturer and Department Head at Springfield University Professor Moose
0%
Gray Racedog from Springfield Downs; Lost to Whirlwind Quadruped
0%
Female Rapper; Performed at Murder 4 Life; (Parody) Queen Booty Shaykah
0%
Waiter at Magic Palace, a dinner theatre restaurant Questo
0%
FICTIONAL; Superhero & Member of the Vindicators Quetzelica
0%
Pro-wrestler; On cover of 'The Golden Age of Wrestling' Quick Count Basie
0%
Lead Singer of The Snuffs (Benedict Cumberbatch) Quilloughby
0%
Head Rabbit of Temple Beth Western & a Comedian Rabbi Rudenstein
0%
Astronaut; Flew on shuttle w/ Homer & Buzz Aldrin Race Banyon
0%
Billionaire Mumbai Entrepreneur; Judge in talent show Rajneesh Superstar
0%
Ranger at Mt. Useful in the Ranger Lookout Post Ranger McFadden
0%
Elderly Man whom Abe Simpson met in Miami, FL Raoul
0%
Pro-wrestler; Fought Professor Werner von Brawn Rasputin the Friendly Russian
0%
Pigeon owned by Raphael then Bart Simpson; DEAD Raymond Bird
0%
Agatha Christie Museum of Quirky Detectives Employee Renata
0%
Reverend from Indonesia; Recently converted to Islam Reverend Kartawijaya
0%
Member of Krusty's No-Collar Comedy Tour Reverend Racist
0%
Mascot for the Ribwich; Skated at Krusty Kristmas on Ice Ribwich Rib-It
0%
Clown at Ding-A-Ling Bros; Wears a giant clock Ring-A-Ling
0%
World's Strongest Man; Homer bought his dumbbells Robusto
0%
Ya Hoo! Cast Member; Old Man w/ large overalls Rooney
0%
Skin-care Consultant; Judge for an essay-writing contest Rowena
0%
Clown; Up on the wall of clowns at Mussel & Flanks Sadsy
0%
Sumo Wrestler; Part of Wayne Slater's training program Sakatumi
0%
Unnamed Man in charge of the mall's Santa School Santa School Head
0%
Group of Bullies that prepare for exams; Bully Summit SAT Preppers
0%
Clown at Ding-A-Ling Bros; Interrupts people w/ water Scene Blow
0%
Leader for the Music Band on "Up Late with McBain" Scoey (Conductor)
0%
FICTIONAL; Veteran Cop in the McBain movie; DEAD Scoey (McBain)
0%
Host of "Hot Shot Tots", a talent show for babies Sedgwick the Personality
0%
Clown w/ orange cowboy hat; Ran from Bart in a tank See-saw
0%
FICTIONAL; Arch-nemesis of McBain in the movies Senator Mendoza
0%
Bumblebee Man's Ex-wife & has same Mexican accent Señora Bumblebee Man
0%
Trained Monkey of Bumblebee Man; Rival of Mr. Teeny Señor Chongo
0%
Mexican Film Director; Directed 'A Burns for All Seasons' Señor Spielbergo
0%
Professional Tunnelcraft Player; 1/2 of the Greatest Señor Subway
0%
TV Hosts who were hosting a show about Spring Break Sepulveda / Cienega
0%
Police Sergeant; In informational video about Road Rage Sergeant Crew
0%
Jazz Piantist; Photograph up at Jazzy Goodtime's Shaky Premise
0%
Mother of Santa's Little Helper; Owned by Les Moore She Biscuit
0%
Went on date w/ Snake at Uncle Moe's Family Feedbag Shoshanna
0%
Adoptive Mother of Carl Carlson; Lives in Iceland Sigrin Siguðardóttir
0%
Mascot for Gudger College; High-fived Kirk Van Houten Sir Gudge-A-Lot
0%
Pig Mascot of Springfield A&M, rival of Springfield Uni. Sir Oinks-A-Lot
0%
Krusty's clown friend; Stuffs a balloon into his pants Sir Widebottom
0%
Strict Nun & Teacher at St. Jerome's Catholic School Sister Thomasina
0%
Jazz Singer; Photograph up at Jazzy Goodtime's Sketch Friendly
0%
Clown at Ding-A-Ling Bros; Stutters when he talks Skitters
0%
Dog in an Animal Pound; Going to be put down; Saved Smiley
0%
Black Employee at the Springfield Nuclear Power Plant Smitty
0%
3 Mascots for cereal; (Parodies of Snap, Crackle & Pop) Snip / Crinkle / Poof
0%
Jazz Musician; Watched musicians in The Jazz Hole Soaky
0%
Female Bodybuilder & Singer; Iron Maidens competition Sonya
0%
Danish Man from Copenhagen; Rents out an Airbnb Søren
0%
Professional Yo-Yo Trick Girl; Each Hand & Each Ear Sparkle
0%
Young Child; Former Member of the Springfield Isotots Splatterface
0%
Bald Eagle; Brief Pet of the Simpson Family; DEAD Squawky
0%
Australian Teenager; Trapped in a a dead-end job Squeaky-voiced Australian Teen
0%
Greek Chef at Skobo's & later the Odyssey Diner Stavros
0%
FICTIONAL; Dream where he threw baseball to Homer Steroid Santa Claus
0%
Jazz Drummer; Watched musicians in The Jazz Hole Sticks
0%
FICTIONAL; Video Game Character of Grand Theft ____ Stick Up Walrus
0%
Employee at Guitar Central; Convinced Homer to buy $$ Stig
0%
Two Goldfish; Pet fish in Edna Krabappel's room; DEAD Stinky / Wrinkles
0%
Pianist & Singer at MoHo HOUSE; Sang to Moe Szyslak Stogie
0%
Python bought by Bart; Now owned by Willie at school Strangles
0%
Mascot for Barney's Bowlarama; Threw himself down Strikey
0%
Male Horse owned by Fat Tony; Forced to have a child Sudsley Brew-Right
0%
Ponies used by Mr. Burns to bribe Lisa Simpson Sugarbell / Dewdrop / Honeysuckle
0%
Stewardess for Mr. Burn's Private Jet; Very Nice Svetlana
0%
FICTIONAL; Member of the Ki-Ya Karate Monsters Taekwon Dracula
0%
Monster Bike Basketball Team at a Monster Truck Event Team Tomomatsu Dirt Riding Dunk Masters
0%
FICTIONAL; Survival Games; (Peeta Mellark Parody) Thayson
0%
Pro-wrestler; On cover of 'The Golden Age of Wrestling' The $10,000 Man
0%
3 Jazz Musicians; Watched musicians in The Jazz Hole The Backup Boys
0%
Owner of The Doughy Dozen Bagels; Out of Business The Bagel Man
0%
Unnamed Red-haired Ballet Teacher at Sp. Elementary The Ballet Teacher
0%
Group of Bullies that consist of Mascots; Bully Summit The Baseball Furries
0%
Female Performer at Ding-A-Ling Bros; Has a beard The Bearded Lady
0%
Pro-wrestler; On cover of 'The Golden Age of Wrestling' The Beefy Bishop
0%
Pro-bidder on "Storage Battle: Myanmar" w/ a turban The Big Spender
0%
Unnamed Employee at Big & Tall Hazmat Suit Store The Big & Tall Hazmat Suit Store Employee
0%
Group of Bullies that have blinking sneaks; Bully Summit The Blinky Sneaks
0%
Clowns at Ding-A-Ling Bros; Twins in the Boobsy Family The Boobsy Twins
0%
Unnamed Cherry Picker Worker and Cable Installer The Cable Guy
0%
Spy disguised as Bart to find out the Simpsons' plan The Chinese Spy
0%
4 Jazz Musicians; Watched musicians in The Jazz Hole The Chubb Group
0%
Professional Yo-Yo Trick Guy; Can yo-yo onto the tongue The Cobra
0%
FICTIONAL; Newest Villain/Hero of Radioactive Man The Collider
0%
Strict & Angry Head of the Rommelwood Military School The Commandant
0%
New Character in Krusty the Clown Show Retro Reboot The Dancing Chimp
0%
Narrator for Dateline: Springfield; Hurt right vocal chord The Dateline: Springfield Narrator
0%
Unnamed Waiter at El Chemistri, a very posh restaurant The El Chemistri Waiter
0%
Pro-wrestler; On cover of 'The Golden Age of Wrestling' The English Pound
0%
Pro-bidder on "Storage Battle: Myanmar" in Monk attire The Enigma
0%
Dwarf Man w/ various jobs, as an actor or stuntman The Estonian Dwarf
0%
Guinness World Record for having the least # of faces: 0 The Faceless Man
0%
Daredevil w/ flying rig w/ parachute & large propeller The Fan Man
0%
Circus Freak; An extremely overweight woman in chair The Fat Lady
0%
Unnamed Boardwalk Performer; Plays the Fiddle The Fiddler
0%
Unnamed Boardwalk Performer; "Eats" fire trick The Fire Eater
0%
Human Cannonball who works with a Traveling Circus The Flying Giuseppe
0%
Internet Troll & Member of the Troll Force 5; Furry The Furry
0%
Pro-bidder on "Storage Battle: Tahoe" w/ cowboy hat The Gambler
0%
Employee at the Nuclear Power Plant; From Ghana The Ghanaian Man
0%
FICTIONAL; Comic Book Hero (Green Hornet Parody) The Green Listener
0%
Green, hairy Monster; Thief of Holiday Cheer (Parody) The Grumple
0%
Known by everyone, except Ned, as the happiest man The Happiest Man in Springfield
0%
Balding Pro-bidder on "Storage Battle: Tahoe" The Hell Raiser
0%
Unnamed Substitute Teacher at Springfield Elementary The Hippie Teacher
0%
Attention Seeker who climbs Skyscrapers in fly costume The Human Fly
0%
Man who went to Blazing Guy; Wore red kazoo costume The Human Kazoo
0%
Boardwalk Performer; Painted Gray & stands still The Human Statue
0%
Hypnotist & Teacher; Taught at the Santa School in mall The Hypnotist
0%
Unnamed Ice Cream Van Instructor; Before 9 A.M. The Ice Cream Van Instructor
0%
Personal "Imaginer" for Mr. Burns; Paid to imagine things The Imaginer
0%
Unnamed Waiter at Jazzy Goodtime's; Wore trumpet hat The Jazzy Goodtime's Waiter
0%
Unnamed Boardwalk Performer; Juggles juggling pins The Juggler
0%
Unnamed Food Vendor of "Khlav Kalash" in NYC The Khlav Kalash Vendor
0%
FICTIONAL; Group of Mascots (Keebler Elves Parody) The Koobler Dwarfs
0%
Mascot for Krusty Burger; "Steals" Krusty Burgers The Krusty Burglar
0%
Unnamed Waiter at La Coffee Nostra; Watched tow car The La Coffee Nostra Waiter
0%
Unnamed Conductor of The Lady Gaga Express, a train The Lady Gaga Express Conductor
0%
Democrat imprisoned at Ronald Reagan Reeducation The Last Registered Democrat
0%
Editor of the Lifeways Section of the Springfield Shopper The Lifeways Editor
0%
Student at West Springfield Elementary (Frankie Muniz) Thelonious
0%
Skunk Mascot at Kissimmee St. Nick Theme Park Thelonious Skunk
0%
Works as a "mathemagician" at children's parties The Mathemagician
0%
Unnamed Boardwalk Performer; "Mimes" around The Mime
0%
Lawyer for the Springfield Mafia; Currently in Prison The Mob Lawyer
0%
Producer for the reality TV show, Mother Flippers The Mother Flippers Producer
0%
Criminal who stole Marge's necklace; Wears Goofy Hat The Mugger
0%
Admiral in the US Navy & L.T. Smash's superior officer The Navy Admiral
0%
Unnamed Manager at the Neon Sign Store in Springfield The Neon Sign Store Manager
0%
Engineer of Itchy & Scratchy Land; Said robots harmless The Park Engineer
0%
Friend of Reverend Lovejoy; Parson for the church The Parson
0%
Big Boss of ABOVE; Talked to Reverend Lovejoy The Patriarch
0%
Elderly Grill Seller; Sold The Hive to Homer; DEAD The Pit Master
0%
Owner of Stern Lecture Plumbing; Former Stonecutter The Plumber
0%
Unnamed Executive at Polystar Studios; Movie flopped The Polystar Executive
0%
Group of Bullies that wear purple facepaint; Bully Summit The Purple Nurples
0%
Ranger at Mt. Useful; Helped Marge find Bart & Lisa The Ranger
0%
Rap Group comprising of Rabbis; Eye on Springfield The Rappin’ Rabbis
0%
Psychotic Homeless Man on Skid Row; Sleeps in trash The Raving Derelict
0%
Hippie who traveled the country following the Ribwich The Ribhead
0%
Group of Bullies that are extremely nerdy; Bully Summit The Scary Potters
0%
FICTIONAL; Supervillain & enemy of Fallout Boy The Scout Master
0%
Internet Troll & Member of the Troll Force 5; DeliveryMan The Shipper
0%
Homeless Man who rides train & tells tall tales to people The Singing Railroad Hobo
0%
Talent Manager for United Parasites; Many celebrities The Slick Manager
0%
Southern Man who accepted Homer's challenge to duel The Southern Colonel
0%
Fiddler w/ terrible posture at a ranch's Western Dance The Stooped-Over Fiddler
0%
Mr. Burns Guard Dogs; Sent as therapy dogs to help The Therapy Hounds
0%
3 Jazz Musicians; Watched musicians in The Jazz Hole The Three Bottoms
0%
One-man Performance Play Actor at Edinburgh Festival The Ticket Booth Actor
0%
Pro-wrestler; On cover of 'The Golden Age of Wrestling' The Tiny Titan
0%
Native American Manager of Caesar's Pow-Wow Casino The Tribal Chief
0%
Elderly Bartender at The Veterans of Unpopular Wars The Veterans of Unpopular Wars Bartender
0%
Black Woman who uses and sells voodoo equipment The Voodoo Queen
0%
Warden of Waterville Prison; Held a prison rodeo The Warden
0%
Referee of father-son wheelbarrow race at Ret. Castle The Wheelbarrow Race Referee
0%
Pro-wrestler; On cover of 'The Golden Age of Wrestling' The Wild Irishman
0%
Elderly Man; Owns 'General Store' near Catfish Lake The Worm Man
0%
Ya Hoo! Cast Members; Recovering Alcoholic Jug Band The Ya Hoo! Recovering Alcoholic Jug Band
0%
Pro-bidder on "Storage Battle: Myanmar" w/ straw hat The Young Gun
0%
Black Member of Reaction Guy's crew; MyTuber Thin Mint
0%
Man from Ogdenville who started dating Selma Bouvier Thorbjørn
0%
Performance Art Play Trio at Edinburgh Fringe Festival Three Tall Men Eating Cereal
0%
Samba Dance Teacher in Rio de Janeiro, Brazil Tiago
0%
Employee at Nuclear Power Plant; Speaks little English Tibor Jankovsky
0%
New Character in Krusty the Clown Show Retro Reboot Tick-Tock the Clock
0%
FICTIONAL; TV Host of 'Dancing with the Scars' Tomcat Bergeron
0%
FICTIONAL; 1/2 Characters in Menace Tooth Society Tooth Decay
0%
Clown at Ding-A-Ling Bros; Honked a handheld horn Tootso
0%
Female Monkey; Mother of Mr. Teeny; "Adopted" Bart Toot-Toot
0%
Show Bull; Appeared in the Waterville Prison Rodeo Tornado
0%
Japanese Apprentice Sushi Chef at The Happy Sumo Toshiro
0%
Clown at Ding-A-Ling Bros; Act is being constantly drunk Trembles
0%
Boar Mascot at Kissimmee St. Nick Theme Park Tremendous Boar
0%
Kid Finalist for Reading Digest's essay competition Truong Van Dinh
0%
2nd Grade Student; Danced w/ Lisa for square dancing Tumi
0%
Professional Tunnelcraft Player; 1/2 of the Greatest Tunnel-Rat
0%
Niece of Fat Tony; Attended Wet 'N' Wild Weekend Tushie
0%
FICTIONAL; Mascot Homer squeezed in his dream Twinkle the Kid
0%
FICTIONAL; Short-lived Itchy & Scratchy Show character Uncle Ant
0%
Former Class President at Springfield High School Vance Connor
0%
Beloved Clown of Holland, MI; Krusty stole his act Van Kruüsten
0%
Ukrainian Mob Boss; Enemy of Wayne Slater; DEAD Viktor
0%
Mascot for Springfield's Semi-amateur Hockey Team Vinnie the Vulture
0%
Employee at Lucky's Records; Helped Lurleen Lumpkin Wade
0%
Retired Air Force Member; Met w/ Abe Simpson in Cuba Wheels McGrath
0%
White Member of Reaction Guy's crew; MyTuber White Malik
0%
FICTIONAL; Superhero & Sidekick of Citizen Solar Wind Lad
0%
Circus Freak; Claims to have world's longest fingernails World’s Longest Fingernails
0%
Actress and TV Show Host from Brazil; (Xuxa Parody) Xoxchitla
0%
Jewish Owner of _____'s Jokes, a practical jokes shop Yiddle
0%
Father of Kumiko Albertson; Didn't like Comic Book Guy Yutaka Nakamura
0%
Former Outreacher for the Springfield STEM Academy Zane Furlong
0%
Professional Yo-Yo Trick Guy; Can throw yo-yo upwards Zero Gravity
0%
Black/White Dance Instructors at Some of That Jazz Zoey B / Zoey T
0%
No matching quizzes found
Score Distribution
Percent of People with Each Score
Percentile by Number Answered
Your Score History
You have not taken this quiz since the last reset